<?xml version="1.0" encoding="UTF-8"?>
<record
    xmlns:xsi="http://www.w3.org/2001/XMLSchema-instance"
    xsi:schemaLocation="http://www.loc.gov/MARC21/slim http://www.loc.gov/standards/marcxml/schema/MARC21slim.xsd"
    xmlns="http://www.loc.gov/MARC21/slim">

  <leader>01217nas a2200241 454500</leader>
  <controlfield tag="001">5941</controlfield>
  <controlfield tag="005">20260407193504.0</controlfield>
  <controlfield tag="008">260407s1992####ag###########|||spa#d</controlfield>
  <controlfield tag="003">AR-UNSa-BCEJYS</controlfield>
  <datafield tag="040" ind1=" " ind2=" ">
    <subfield code="a">AR-UNSa-BCEJYS</subfield>
    <subfield code="b">spa</subfield>
    <subfield code="c">AR-UNSa-BCEJYS</subfield>
  </datafield>
  <datafield tag="080" ind1=" " ind2=" ">
    <subfield code="a">35</subfield>
    <subfield code="x">Administraci&#xF3;n P&#xFA;blica</subfield>
  </datafield>
  <datafield tag="245" ind1="1" ind2="0">
    <subfield code="a">RAP</subfield>
    <subfield code="p">Revista Argentina del R&#xE9;gimen de la Administraci&#xF3;n P&#xFA;blica</subfield>
  </datafield>
  <datafield tag="264" ind1=" " ind2="1">
    <subfield code="a">Buenos Aires :</subfield>
    <subfield code="b">Ciencias de la Administraci&#xF3;n</subfield>
    <subfield code="c">1992</subfield>
  </datafield>
  <datafield tag="310" ind1=" " ind2=" ">
    <subfield code="a">Frecuencia: mensual
Cambia de Director a partir del N&#xBA; 199 por Julio R. Casas
Cambia de Director a partir del N&#xBA; 280 por Eduardo Mertehikian
Cambia de Editorial a partir del N&#xBA; 280 por Ediciones RAP</subfield>
  </datafield>
  <datafield tag="505" ind1=" " ind2=" ">
    <subfield code="a">El material informativo est&#xE1; constituido por leyes, decretos, resoluciones, ordenanzas municipales, s&#xED;ntesis de fallos relacionados con la funci&#xF3;n p&#xFA;blica o con los contratos que celebra el estado</subfield>
  </datafield>
  <datafield tag="041" ind1=" " ind2=" ">
    <subfield code="a">spa</subfield>
  </datafield>
  <datafield tag="942" ind1=" " ind2=" ">
    <subfield code="c">SER</subfield>
  </datafield>
  <datafield tag="590" ind1=" " ind2=" ">
    <subfield code="a">niveau_biblio:s niveau_hierar:1</subfield>
  </datafield>
  <datafield tag="100" ind1="1" ind2=" ">
    <subfield code="a">Riestra, Horacio J.</subfield>
  </datafield>
  <datafield tag="650" ind1=" " ind2=" ">
    <subfield code="a">ADMINISTRACION PUBLICA</subfield>
  </datafield>
  <datafield tag="650" ind1=" " ind2=" ">
    <subfield code="a">Derecho</subfield>
  </datafield>
  <datafield tag="856" ind1="4" ind2="1">
    <subfield code="u">https://biblioeco.unsa.edu.ar/pmb/images/revistas/Revista argentina del regimen de la administracion publica2-r15126.jpg</subfield>
    <subfield code="y">Imagen de portada</subfield>
    <subfield code="q">image/jpeg</subfield>
  </datafield>
  <datafield tag="999" ind1=" " ind2=" ">
    <subfield code="c">8431</subfield>
    <subfield code="d">8431</subfield>
  </datafield>
  <datafield tag="952" ind1=" " ind2=" ">
    <subfield code="0">0</subfield>
    <subfield code="1">0</subfield>
    <subfield code="4">0</subfield>
    <subfield code="7">0</subfield>
    <subfield code="a">BCEJYS</subfield>
    <subfield code="b">BCEJYS</subfield>
    <subfield code="c">17</subfield>
    <subfield code="d">2020-11-01</subfield>
    <subfield code="h">A&#xF1;o 42, N&#xB0; 506/507 - nov./dic. 2020</subfield>
    <subfield code="l">0</subfield>
    <subfield code="o">H35 REG 506/507</subfield>
    <subfield code="p">R22566</subfield>
    <subfield code="r">2026-04-10 16:07:02</subfield>
    <subfield code="w">2026-04-10</subfield>
    <subfield code="y">RN</subfield>
  </datafield>
  <datafield tag="952" ind1=" " ind2=" ">
    <subfield code="0">0</subfield>
    <subfield code="1">0</subfield>
    <subfield code="4">0</subfield>
    <subfield code="7">0</subfield>
    <subfield code="a">BCEJYS</subfield>
    <subfield code="b">BCEJYS</subfield>
    <subfield code="c">17</subfield>
    <subfield code="d">2020-09-01</subfield>
    <subfield code="h">A&#xF1;o 42, N&#xB0; 504/505 - sep./oct. 2020</subfield>
    <subfield code="l">0</subfield>
    <subfield code="o">H35 REG 504/505</subfield>
    <subfield code="p">R22565</subfield>
    <subfield code="r">2026-04-10 16:07:02</subfield>
    <subfield code="w">2026-04-10</subfield>
    <subfield code="y">RN</subfield>
  </datafield>
  <datafield tag="952" ind1=" " ind2=" ">
    <subfield code="0">0</subfield>
    <subfield code="1">0</subfield>
    <subfield code="4">0</subfield>
    <subfield code="7">0</subfield>
    <subfield code="a">BCEJYS</subfield>
    <subfield code="b">BCEJYS</subfield>
    <subfield code="c">17</subfield>
    <subfield code="d">2020-07-01</subfield>
    <subfield code="h">A&#xF1;o 42, N&#xB0; 502/503 - jul./ago. 2020</subfield>
    <subfield code="l">0</subfield>
    <subfield code="o">H35 REG 502/503</subfield>
    <subfield code="p">R22503</subfield>
    <subfield code="r">2026-04-10 16:07:02</subfield>
    <subfield code="w">2026-04-10</subfield>
    <subfield code="y">RN</subfield>
  </datafield>
  <datafield tag="952" ind1=" " ind2=" ">
    <subfield code="0">0</subfield>
    <subfield code="1">0</subfield>
    <subfield code="4">0</subfield>
    <subfield code="7">0</subfield>
    <subfield code="a">BCEJYS</subfield>
    <subfield code="b">BCEJYS</subfield>
    <subfield code="c">17</subfield>
    <subfield code="d">2020-05-01</subfield>
    <subfield code="h">A&#xF1;o 42, N&#xB0; 500/501 - mayo/jun. 2020</subfield>
    <subfield code="l">0</subfield>
    <subfield code="o">H35 REG 500/501</subfield>
    <subfield code="p">R22502</subfield>
    <subfield code="r">2026-04-10 16:07:02</subfield>
    <subfield code="w">2026-04-10</subfield>
    <subfield code="y">RN</subfield>
  </datafield>
  <datafield tag="952" ind1=" " ind2=" ">
    <subfield code="0">0</subfield>
    <subfield code="1">0</subfield>
    <subfield code="4">0</subfield>
    <subfield code="7">0</subfield>
    <subfield code="a">BCEJYS</subfield>
    <subfield code="b">BCEJYS</subfield>
    <subfield code="c">17</subfield>
    <subfield code="d">2020-03-01</subfield>
    <subfield code="h">A&#xF1;o 42, N&#xB0; 498/499 - mar./abr. 2020</subfield>
    <subfield code="l">0</subfield>
    <subfield code="o">H35 REG 498/499</subfield>
    <subfield code="p">R22501</subfield>
    <subfield code="r">2026-04-10 16:07:02</subfield>
    <subfield code="w">2026-04-10</subfield>
    <subfield code="y">RN</subfield>
  </datafield>
  <datafield tag="952" ind1=" " ind2=" ">
    <subfield code="0">0</subfield>
    <subfield code="1">0</subfield>
    <subfield code="4">0</subfield>
    <subfield code="7">0</subfield>
    <subfield code="a">BCEJYS</subfield>
    <subfield code="b">BCEJYS</subfield>
    <subfield code="c">17</subfield>
    <subfield code="d">2020-01-01</subfield>
    <subfield code="h">A&#xF1;o 42, N&#xB0; 496/497 - ene./feb. 2020</subfield>
    <subfield code="l">0</subfield>
    <subfield code="o">H35 REG 496/497</subfield>
    <subfield code="p">R22500</subfield>
    <subfield code="r">2026-04-10 16:07:02</subfield>
    <subfield code="w">2026-04-10</subfield>
    <subfield code="y">RN</subfield>
  </datafield>
  <datafield tag="952" ind1=" " ind2=" ">
    <subfield code="0">0</subfield>
    <subfield code="1">0</subfield>
    <subfield code="4">0</subfield>
    <subfield code="7">0</subfield>
    <subfield code="a">BCEJYS</subfield>
    <subfield code="b">BCEJYS</subfield>
    <subfield code="c">17</subfield>
    <subfield code="d">2019-12-01</subfield>
    <subfield code="h">A&#xF1;o 42, N&#xB0; 495 - dic. 2019</subfield>
    <subfield code="l">0</subfield>
    <subfield code="o">H35 REG 495</subfield>
    <subfield code="p">R22499</subfield>
    <subfield code="r">2026-04-10 16:07:02</subfield>
    <subfield code="w">2026-04-10</subfield>
    <subfield code="y">RN</subfield>
  </datafield>
  <datafield tag="952" ind1=" " ind2=" ">
    <subfield code="0">0</subfield>
    <subfield code="1">0</subfield>
    <subfield code="4">0</subfield>
    <subfield code="7">0</subfield>
    <subfield code="a">BCEJYS</subfield>
    <subfield code="b">BCEJYS</subfield>
    <subfield code="c">17</subfield>
    <subfield code="d">2019-11-01</subfield>
    <subfield code="h">A&#xF1;o 42, N&#xB0; 494 - nov. 2019</subfield>
    <subfield code="l">0</subfield>
    <subfield code="o">H35 REG 494</subfield>
    <subfield code="p">R22498</subfield>
    <subfield code="r">2026-04-10 16:07:02</subfield>
    <subfield code="w">2026-04-10</subfield>
    <subfield code="y">RN</subfield>
  </datafield>
  <datafield tag="952" ind1=" " ind2=" ">
    <subfield code="0">0</subfield>
    <subfield code="1">0</subfield>
    <subfield code="4">0</subfield>
    <subfield code="7">0</subfield>
    <subfield code="a">BCEJYS</subfield>
    <subfield code="b">BCEJYS</subfield>
    <subfield code="c">17</subfield>
    <subfield code="d">2019-10-01</subfield>
    <subfield code="h">A&#xF1;o 42, N&#xB0; 493 - oct. 2019</subfield>
    <subfield code="l">0</subfield>
    <subfield code="o">H35 REG 493</subfield>
    <subfield code="p">R22497</subfield>
    <subfield code="r">2026-04-10 16:07:02</subfield>
    <subfield code="w">2026-04-10</subfield>
    <subfield code="y">RN</subfield>
  </datafield>
  <datafield tag="952" ind1=" " ind2=" ">
    <subfield code="0">0</subfield>
    <subfield code="1">0</subfield>
    <subfield code="4">0</subfield>
    <subfield code="7">0</subfield>
    <subfield code="a">BCEJYS</subfield>
    <subfield code="b">BCEJYS</subfield>
    <subfield code="c">17</subfield>
    <subfield code="d">2019-09-01</subfield>
    <subfield code="h">A&#xF1;o 41, N&#xBA; 492 - sep. 2019</subfield>
    <subfield code="l">0</subfield>
    <subfield code="o">H35 REG 492</subfield>
    <subfield code="p">R22306</subfield>
    <subfield code="r">2026-04-10 16:07:02</subfield>
    <subfield code="w">2026-04-10</subfield>
    <subfield code="y">RN</subfield>
  </datafield>
  <datafield tag="952" ind1=" " ind2=" ">
    <subfield code="0">0</subfield>
    <subfield code="1">0</subfield>
    <subfield code="4">0</subfield>
    <subfield code="7">0</subfield>
    <subfield code="a">BCEJYS</subfield>
    <subfield code="b">BCEJYS</subfield>
    <subfield code="c">17</subfield>
    <subfield code="d">2019-08-01</subfield>
    <subfield code="h">A&#xF1;o 41, N&#xBA; 491 - ago. 2019</subfield>
    <subfield code="l">0</subfield>
    <subfield code="o">H35 REG 491</subfield>
    <subfield code="p">R22305</subfield>
    <subfield code="r">2026-04-10 16:07:02</subfield>
    <subfield code="w">2026-04-10</subfield>
    <subfield code="y">RN</subfield>
  </datafield>
  <datafield tag="952" ind1=" " ind2=" ">
    <subfield code="0">0</subfield>
    <subfield code="1">0</subfield>
    <subfield code="4">0</subfield>
    <subfield code="7">0</subfield>
    <subfield code="a">BCEJYS</subfield>
    <subfield code="b">BCEJYS</subfield>
    <subfield code="c">17</subfield>
    <subfield code="d">2019-07-01</subfield>
    <subfield code="h">A&#xF1;o 41, N&#xBA; 490 - jul. 2019</subfield>
    <subfield code="l">0</subfield>
    <subfield code="o">H35 REG 490</subfield>
    <subfield code="p">R22304</subfield>
    <subfield code="r">2026-04-10 16:07:02</subfield>
    <subfield code="w">2026-04-10</subfield>
    <subfield code="y">RN</subfield>
  </datafield>
  <datafield tag="952" ind1=" " ind2=" ">
    <subfield code="0">0</subfield>
    <subfield code="1">0</subfield>
    <subfield code="4">0</subfield>
    <subfield code="7">0</subfield>
    <subfield code="a">BCEJYS</subfield>
    <subfield code="b">BCEJYS</subfield>
    <subfield code="c">17</subfield>
    <subfield code="d">2019-06-01</subfield>
    <subfield code="h">A&#xF1;o 41, N&#xBA; 489 - jun. 2019</subfield>
    <subfield code="l">0</subfield>
    <subfield code="o">H35 REG 489</subfield>
    <subfield code="p">R22303</subfield>
    <subfield code="r">2026-04-10 16:07:02</subfield>
    <subfield code="w">2026-04-10</subfield>
    <subfield code="y">RN</subfield>
  </datafield>
  <datafield tag="952" ind1=" " ind2=" ">
    <subfield code="0">0</subfield>
    <subfield code="1">0</subfield>
    <subfield code="4">0</subfield>
    <subfield code="7">0</subfield>
    <subfield code="a">BCEJYS</subfield>
    <subfield code="b">BCEJYS</subfield>
    <subfield code="c">17</subfield>
    <subfield code="d">2019-05-01</subfield>
    <subfield code="h">A&#xF1;o 41, N&#xBA; 488 - mayo 2019</subfield>
    <subfield code="l">0</subfield>
    <subfield code="o">H35 REG 488</subfield>
    <subfield code="p">R22302</subfield>
    <subfield code="r">2026-04-10 16:07:02</subfield>
    <subfield code="w">2026-04-10</subfield>
    <subfield code="y">RN</subfield>
  </datafield>
  <datafield tag="952" ind1=" " ind2=" ">
    <subfield code="0">0</subfield>
    <subfield code="1">0</subfield>
    <subfield code="4">0</subfield>
    <subfield code="7">0</subfield>
    <subfield code="a">BCEJYS</subfield>
    <subfield code="b">BCEJYS</subfield>
    <subfield code="c">17</subfield>
    <subfield code="d">2019-04-01</subfield>
    <subfield code="h">A&#xF1;o 41, N&#xBA; 487 - abr. 2019</subfield>
    <subfield code="l">0</subfield>
    <subfield code="o">H35 REG 487</subfield>
    <subfield code="p">R22301</subfield>
    <subfield code="r">2026-04-10 16:07:02</subfield>
    <subfield code="w">2026-04-10</subfield>
    <subfield code="y">RN</subfield>
  </datafield>
  <datafield tag="952" ind1=" " ind2=" ">
    <subfield code="0">0</subfield>
    <subfield code="1">0</subfield>
    <subfield code="4">0</subfield>
    <subfield code="7">0</subfield>
    <subfield code="a">BCEJYS</subfield>
    <subfield code="b">BCEJYS</subfield>
    <subfield code="c">17</subfield>
    <subfield code="d">2019-03-01</subfield>
    <subfield code="h">A&#xF1;o 41, N&#xBA; 486 - mar. 2019</subfield>
    <subfield code="l">0</subfield>
    <subfield code="o">H35 REG 486</subfield>
    <subfield code="p">R22300</subfield>
    <subfield code="r">2026-04-10 16:07:02</subfield>
    <subfield code="w">2026-04-10</subfield>
    <subfield code="y">RN</subfield>
  </datafield>
  <datafield tag="952" ind1=" " ind2=" ">
    <subfield code="0">0</subfield>
    <subfield code="1">0</subfield>
    <subfield code="4">0</subfield>
    <subfield code="7">0</subfield>
    <subfield code="a">BCEJYS</subfield>
    <subfield code="b">BCEJYS</subfield>
    <subfield code="c">17</subfield>
    <subfield code="d">2019-02-01</subfield>
    <subfield code="h">A&#xF1;o 41, N&#xBA; 485 - feb. 2019</subfield>
    <subfield code="l">0</subfield>
    <subfield code="o">H35 REG 485</subfield>
    <subfield code="p">R22299</subfield>
    <subfield code="r">2026-04-10 16:07:02</subfield>
    <subfield code="w">2026-04-10</subfield>
    <subfield code="y">RN</subfield>
  </datafield>
  <datafield tag="952" ind1=" " ind2=" ">
    <subfield code="0">0</subfield>
    <subfield code="1">0</subfield>
    <subfield code="4">0</subfield>
    <subfield code="7">0</subfield>
    <subfield code="a">BCEJYS</subfield>
    <subfield code="b">BCEJYS</subfield>
    <subfield code="c">17</subfield>
    <subfield code="d">2019-01-01</subfield>
    <subfield code="h">A&#xF1;o 41, N&#xBA; 484 - ene. 2019</subfield>
    <subfield code="l">0</subfield>
    <subfield code="o">H35 REG 484</subfield>
    <subfield code="p">R22298</subfield>
    <subfield code="r">2026-04-10 16:07:02</subfield>
    <subfield code="w">2026-04-10</subfield>
    <subfield code="y">RN</subfield>
  </datafield>
  <datafield tag="952" ind1=" " ind2=" ">
    <subfield code="0">0</subfield>
    <subfield code="1">0</subfield>
    <subfield code="4">0</subfield>
    <subfield code="7">0</subfield>
    <subfield code="a">BCEJYS</subfield>
    <subfield code="b">BCEJYS</subfield>
    <subfield code="c">17</subfield>
    <subfield code="d">2018-12-01</subfield>
    <subfield code="h">A&#xF1;o 41, N&#xBA; 483 - dic. 2018</subfield>
    <subfield code="l">0</subfield>
    <subfield code="o">H35 REG 483</subfield>
    <subfield code="p">R22297</subfield>
    <subfield code="r">2026-04-10 16:07:02</subfield>
    <subfield code="w">2026-04-10</subfield>
    <subfield code="y">RN</subfield>
  </datafield>
  <datafield tag="952" ind1=" " ind2=" ">
    <subfield code="0">0</subfield>
    <subfield code="1">0</subfield>
    <subfield code="4">0</subfield>
    <subfield code="7">0</subfield>
    <subfield code="a">BCEJYS</subfield>
    <subfield code="b">BCEJYS</subfield>
    <subfield code="c">17</subfield>
    <subfield code="d">2018-11-01</subfield>
    <subfield code="h">A&#xF1;o 41, N&#xBA; 482 - nov. 2018</subfield>
    <subfield code="l">0</subfield>
    <subfield code="o">H35 REG 482</subfield>
    <subfield code="p">R22296</subfield>
    <subfield code="r">2026-04-10 16:07:02</subfield>
    <subfield code="w">2026-04-10</subfield>
    <subfield code="y">RN</subfield>
  </datafield>
  <datafield tag="952" ind1=" " ind2=" ">
    <subfield code="0">0</subfield>
    <subfield code="1">0</subfield>
    <subfield code="4">0</subfield>
    <subfield code="7">0</subfield>
    <subfield code="a">BCEJYS</subfield>
    <subfield code="b">BCEJYS</subfield>
    <subfield code="c">17</subfield>
    <subfield code="d">2018-10-01</subfield>
    <subfield code="h">A&#xF1;o 41, N&#xBA; 481 - oct. 2018</subfield>
    <subfield code="l">0</subfield>
    <subfield code="o">H35 REG 481</subfield>
    <subfield code="p">R22295</subfield>
    <subfield code="r">2026-04-10 16:07:02</subfield>
    <subfield code="w">2026-04-10</subfield>
    <subfield code="y">RN</subfield>
  </datafield>
  <datafield tag="952" ind1=" " ind2=" ">
    <subfield code="0">0</subfield>
    <subfield code="1">0</subfield>
    <subfield code="4">0</subfield>
    <subfield code="7">0</subfield>
    <subfield code="a">BCEJYS</subfield>
    <subfield code="b">BCEJYS</subfield>
    <subfield code="c">17</subfield>
    <subfield code="d">2018-09-01</subfield>
    <subfield code="h">A&#xF1;o 40, N&#xBA; 480 - sep. 2018</subfield>
    <subfield code="l">0</subfield>
    <subfield code="o">H35 REG 480</subfield>
    <subfield code="p">R22047</subfield>
    <subfield code="r">2026-04-10 16:07:03</subfield>
    <subfield code="w">2026-04-10</subfield>
    <subfield code="y">RN</subfield>
  </datafield>
  <datafield tag="952" ind1=" " ind2=" ">
    <subfield code="0">0</subfield>
    <subfield code="1">0</subfield>
    <subfield code="4">0</subfield>
    <subfield code="7">0</subfield>
    <subfield code="a">BCEJYS</subfield>
    <subfield code="b">BCEJYS</subfield>
    <subfield code="c">17</subfield>
    <subfield code="d">2018-08-01</subfield>
    <subfield code="h">A&#xF1;o 40, N&#xBA; 479 - ago. 2018</subfield>
    <subfield code="l">0</subfield>
    <subfield code="o">H35 REG 479</subfield>
    <subfield code="p">R21990</subfield>
    <subfield code="r">2026-04-10 16:07:03</subfield>
    <subfield code="w">2026-04-10</subfield>
    <subfield code="y">RN</subfield>
  </datafield>
  <datafield tag="952" ind1=" " ind2=" ">
    <subfield code="0">0</subfield>
    <subfield code="1">0</subfield>
    <subfield code="4">0</subfield>
    <subfield code="7">0</subfield>
    <subfield code="a">BCEJYS</subfield>
    <subfield code="b">BCEJYS</subfield>
    <subfield code="c">17</subfield>
    <subfield code="d">2018-07-01</subfield>
    <subfield code="h">A&#xF1;o 40, N&#xBA; 478 - jul. 2018</subfield>
    <subfield code="l">0</subfield>
    <subfield code="o">H35 REG 478</subfield>
    <subfield code="p">R21959</subfield>
    <subfield code="r">2026-04-10 16:07:03</subfield>
    <subfield code="w">2026-04-10</subfield>
    <subfield code="y">RN</subfield>
  </datafield>
  <datafield tag="952" ind1=" " ind2=" ">
    <subfield code="0">0</subfield>
    <subfield code="1">0</subfield>
    <subfield code="4">0</subfield>
    <subfield code="7">0</subfield>
    <subfield code="a">BCEJYS</subfield>
    <subfield code="b">BCEJYS</subfield>
    <subfield code="c">17</subfield>
    <subfield code="d">2018-06-01</subfield>
    <subfield code="h">A&#xF1;o 40, N&#xBA; 477 - jun. 2018</subfield>
    <subfield code="l">0</subfield>
    <subfield code="o">H35 REG 477</subfield>
    <subfield code="p">R21958</subfield>
    <subfield code="r">2026-04-10 16:07:03</subfield>
    <subfield code="w">2026-04-10</subfield>
    <subfield code="y">RN</subfield>
  </datafield>
  <datafield tag="952" ind1=" " ind2=" ">
    <subfield code="0">0</subfield>
    <subfield code="1">0</subfield>
    <subfield code="4">0</subfield>
    <subfield code="7">0</subfield>
    <subfield code="a">BCEJYS</subfield>
    <subfield code="b">BCEJYS</subfield>
    <subfield code="c">17</subfield>
    <subfield code="d">2018-05-01</subfield>
    <subfield code="h">A&#xF1;o 40, N&#xBA; 476 - mayo 2018</subfield>
    <subfield code="l">0</subfield>
    <subfield code="o">H35 REG 476</subfield>
    <subfield code="p">R21957</subfield>
    <subfield code="r">2026-04-10 16:07:03</subfield>
    <subfield code="w">2026-04-10</subfield>
    <subfield code="y">RN</subfield>
  </datafield>
  <datafield tag="952" ind1=" " ind2=" ">
    <subfield code="0">0</subfield>
    <subfield code="1">0</subfield>
    <subfield code="4">0</subfield>
    <subfield code="7">0</subfield>
    <subfield code="a">BCEJYS</subfield>
    <subfield code="b">BCEJYS</subfield>
    <subfield code="c">17</subfield>
    <subfield code="d">2018-04-01</subfield>
    <subfield code="h">A&#xF1;o 40, N&#xBA; 475 - abr. 2018</subfield>
    <subfield code="l">0</subfield>
    <subfield code="o">H35 REG 475</subfield>
    <subfield code="p">R21956</subfield>
    <subfield code="r">2026-04-10 16:07:03</subfield>
    <subfield code="w">2026-04-10</subfield>
    <subfield code="y">RN</subfield>
  </datafield>
  <datafield tag="952" ind1=" " ind2=" ">
    <subfield code="0">0</subfield>
    <subfield code="1">0</subfield>
    <subfield code="4">0</subfield>
    <subfield code="7">0</subfield>
    <subfield code="a">BCEJYS</subfield>
    <subfield code="b">BCEJYS</subfield>
    <subfield code="c">17</subfield>
    <subfield code="d">2018-03-01</subfield>
    <subfield code="h">A&#xF1;o 40, N&#xBA; 474 - mar. 2018</subfield>
    <subfield code="l">0</subfield>
    <subfield code="o">H35 REG 474</subfield>
    <subfield code="p">R21955</subfield>
    <subfield code="r">2026-04-10 16:07:03</subfield>
    <subfield code="w">2026-04-10</subfield>
    <subfield code="y">RN</subfield>
  </datafield>
  <datafield tag="952" ind1=" " ind2=" ">
    <subfield code="0">0</subfield>
    <subfield code="1">0</subfield>
    <subfield code="4">0</subfield>
    <subfield code="7">0</subfield>
    <subfield code="a">BCEJYS</subfield>
    <subfield code="b">BCEJYS</subfield>
    <subfield code="c">17</subfield>
    <subfield code="d">2018-02-01</subfield>
    <subfield code="h">A&#xF1;o 40, N&#xBA; 473 - feb. 2018</subfield>
    <subfield code="l">0</subfield>
    <subfield code="o">H35 REG 473</subfield>
    <subfield code="p">R21954</subfield>
    <subfield code="r">2026-04-10 16:07:03</subfield>
    <subfield code="w">2026-04-10</subfield>
    <subfield code="y">RN</subfield>
  </datafield>
  <datafield tag="952" ind1=" " ind2=" ">
    <subfield code="0">0</subfield>
    <subfield code="1">0</subfield>
    <subfield code="4">0</subfield>
    <subfield code="7">0</subfield>
    <subfield code="a">BCEJYS</subfield>
    <subfield code="b">BCEJYS</subfield>
    <subfield code="c">17</subfield>
    <subfield code="d">2018-01-01</subfield>
    <subfield code="h">A&#xF1;o 40, N&#xBA; 472 - ene. 2018</subfield>
    <subfield code="l">0</subfield>
    <subfield code="o">H35 REG 472</subfield>
    <subfield code="p">R21953</subfield>
    <subfield code="r">2026-04-10 16:07:03</subfield>
    <subfield code="w">2026-04-10</subfield>
    <subfield code="y">RN</subfield>
  </datafield>
  <datafield tag="952" ind1=" " ind2=" ">
    <subfield code="0">0</subfield>
    <subfield code="1">0</subfield>
    <subfield code="4">0</subfield>
    <subfield code="7">0</subfield>
    <subfield code="a">BCEJYS</subfield>
    <subfield code="b">BCEJYS</subfield>
    <subfield code="c">17</subfield>
    <subfield code="d">2017-12-01</subfield>
    <subfield code="h">A&#xF1;o 40, N&#xBA; 471 - dic. 2017</subfield>
    <subfield code="l">0</subfield>
    <subfield code="o">H35 REG 471</subfield>
    <subfield code="p">R21952</subfield>
    <subfield code="r">2026-04-10 16:07:03</subfield>
    <subfield code="w">2026-04-10</subfield>
    <subfield code="y">RN</subfield>
  </datafield>
  <datafield tag="952" ind1=" " ind2=" ">
    <subfield code="0">0</subfield>
    <subfield code="1">0</subfield>
    <subfield code="4">0</subfield>
    <subfield code="7">0</subfield>
    <subfield code="a">BCEJYS</subfield>
    <subfield code="b">BCEJYS</subfield>
    <subfield code="c">17</subfield>
    <subfield code="d">2017-11-01</subfield>
    <subfield code="h">A&#xF1;o 40, N&#xBA; 470 - nov. 2017</subfield>
    <subfield code="l">0</subfield>
    <subfield code="o">H35 REG 470</subfield>
    <subfield code="p">R21951</subfield>
    <subfield code="r">2026-04-10 16:07:03</subfield>
    <subfield code="w">2026-04-10</subfield>
    <subfield code="y">RN</subfield>
  </datafield>
  <datafield tag="952" ind1=" " ind2=" ">
    <subfield code="0">0</subfield>
    <subfield code="1">0</subfield>
    <subfield code="4">0</subfield>
    <subfield code="7">0</subfield>
    <subfield code="a">BCEJYS</subfield>
    <subfield code="b">BCEJYS</subfield>
    <subfield code="c">17</subfield>
    <subfield code="d">2017-10-01</subfield>
    <subfield code="h">A&#xF1;o 40, N&#xBA; 469 - oct. 2017</subfield>
    <subfield code="l">0</subfield>
    <subfield code="o">H35 REG 469</subfield>
    <subfield code="p">R21950</subfield>
    <subfield code="r">2026-04-10 16:07:03</subfield>
    <subfield code="w">2026-04-10</subfield>
    <subfield code="y">RN</subfield>
  </datafield>
  <datafield tag="952" ind1=" " ind2=" ">
    <subfield code="0">0</subfield>
    <subfield code="1">0</subfield>
    <subfield code="4">0</subfield>
    <subfield code="7">0</subfield>
    <subfield code="a">BCEJYS</subfield>
    <subfield code="b">BCEJYS</subfield>
    <subfield code="c">17</subfield>
    <subfield code="d">2017-09-01</subfield>
    <subfield code="h">A&#xF1;o 39, N&#xBA; 468 - sep. 2017</subfield>
    <subfield code="l">0</subfield>
    <subfield code="o">H35 REG 468</subfield>
    <subfield code="p">R21450</subfield>
    <subfield code="r">2026-04-10 16:07:03</subfield>
    <subfield code="w">2026-04-10</subfield>
    <subfield code="y">RN</subfield>
  </datafield>
  <datafield tag="952" ind1=" " ind2=" ">
    <subfield code="0">0</subfield>
    <subfield code="1">0</subfield>
    <subfield code="4">0</subfield>
    <subfield code="7">0</subfield>
    <subfield code="a">BCEJYS</subfield>
    <subfield code="b">BCEJYS</subfield>
    <subfield code="c">17</subfield>
    <subfield code="d">2017-08-01</subfield>
    <subfield code="h">A&#xF1;o 39, N&#xBA; 467 - ago. 2017</subfield>
    <subfield code="l">0</subfield>
    <subfield code="o">H35 REG 467</subfield>
    <subfield code="p">R21449</subfield>
    <subfield code="r">2026-04-10 16:07:03</subfield>
    <subfield code="w">2026-04-10</subfield>
    <subfield code="y">RN</subfield>
  </datafield>
  <datafield tag="952" ind1=" " ind2=" ">
    <subfield code="0">0</subfield>
    <subfield code="1">0</subfield>
    <subfield code="4">0</subfield>
    <subfield code="7">0</subfield>
    <subfield code="a">BCEJYS</subfield>
    <subfield code="b">BCEJYS</subfield>
    <subfield code="c">17</subfield>
    <subfield code="d">2017-07-01</subfield>
    <subfield code="h">A&#xF1;o 39, N&#xBA; 466 - jul. 2017</subfield>
    <subfield code="l">0</subfield>
    <subfield code="o">H35 REG 466</subfield>
    <subfield code="p">R21275</subfield>
    <subfield code="r">2026-04-10 16:07:03</subfield>
    <subfield code="w">2026-04-10</subfield>
    <subfield code="y">RN</subfield>
  </datafield>
  <datafield tag="952" ind1=" " ind2=" ">
    <subfield code="0">0</subfield>
    <subfield code="1">0</subfield>
    <subfield code="4">0</subfield>
    <subfield code="7">0</subfield>
    <subfield code="a">BCEJYS</subfield>
    <subfield code="b">BCEJYS</subfield>
    <subfield code="c">17</subfield>
    <subfield code="d">2017-06-01</subfield>
    <subfield code="h">A&#xF1;o 39, N&#xBA; 465 - jun. 2017</subfield>
    <subfield code="l">0</subfield>
    <subfield code="o">H35 REG 465</subfield>
    <subfield code="p">R21274</subfield>
    <subfield code="r">2026-04-10 16:07:03</subfield>
    <subfield code="w">2026-04-10</subfield>
    <subfield code="y">RN</subfield>
  </datafield>
  <datafield tag="952" ind1=" " ind2=" ">
    <subfield code="0">0</subfield>
    <subfield code="1">0</subfield>
    <subfield code="4">0</subfield>
    <subfield code="7">0</subfield>
    <subfield code="a">BCEJYS</subfield>
    <subfield code="b">BCEJYS</subfield>
    <subfield code="c">17</subfield>
    <subfield code="d">2017-05-01</subfield>
    <subfield code="h">A&#xF1;o 39, N&#xBA; 464 - mayo 2017</subfield>
    <subfield code="l">0</subfield>
    <subfield code="o">H35 REG 464</subfield>
    <subfield code="p">R20770</subfield>
    <subfield code="r">2026-04-10 16:07:03</subfield>
    <subfield code="w">2026-04-10</subfield>
    <subfield code="y">RN</subfield>
  </datafield>
  <datafield tag="952" ind1=" " ind2=" ">
    <subfield code="0">0</subfield>
    <subfield code="1">0</subfield>
    <subfield code="4">0</subfield>
    <subfield code="7">0</subfield>
    <subfield code="a">BCEJYS</subfield>
    <subfield code="b">BCEJYS</subfield>
    <subfield code="c">17</subfield>
    <subfield code="d">2017-04-01</subfield>
    <subfield code="h">A&#xF1;o 39, N&#xBA; 463 - abr. 2017</subfield>
    <subfield code="l">0</subfield>
    <subfield code="o">H35 REG 463</subfield>
    <subfield code="p">R20762</subfield>
    <subfield code="r">2026-04-10 16:07:03</subfield>
    <subfield code="w">2026-04-10</subfield>
    <subfield code="y">RN</subfield>
  </datafield>
  <datafield tag="952" ind1=" " ind2=" ">
    <subfield code="0">0</subfield>
    <subfield code="1">0</subfield>
    <subfield code="4">0</subfield>
    <subfield code="7">0</subfield>
    <subfield code="a">BCEJYS</subfield>
    <subfield code="b">BCEJYS</subfield>
    <subfield code="c">17</subfield>
    <subfield code="d">2017-03-01</subfield>
    <subfield code="h">A&#xF1;o 39, N&#xBA; 462 - mar. 2017</subfield>
    <subfield code="l">0</subfield>
    <subfield code="o">H35 REG 462</subfield>
    <subfield code="p">R20703</subfield>
    <subfield code="r">2026-04-10 16:07:03</subfield>
    <subfield code="w">2026-04-10</subfield>
    <subfield code="y">RN</subfield>
  </datafield>
  <datafield tag="952" ind1=" " ind2=" ">
    <subfield code="0">0</subfield>
    <subfield code="1">0</subfield>
    <subfield code="4">0</subfield>
    <subfield code="7">0</subfield>
    <subfield code="a">BCEJYS</subfield>
    <subfield code="b">BCEJYS</subfield>
    <subfield code="c">17</subfield>
    <subfield code="d">2017-02-01</subfield>
    <subfield code="h">A&#xF1;o 39, N&#xBA; 461 - feb. 2017</subfield>
    <subfield code="l">0</subfield>
    <subfield code="o">H35 REG 461</subfield>
    <subfield code="p">R20702</subfield>
    <subfield code="r">2026-04-10 16:07:03</subfield>
    <subfield code="w">2026-04-10</subfield>
    <subfield code="y">RN</subfield>
  </datafield>
  <datafield tag="952" ind1=" " ind2=" ">
    <subfield code="0">0</subfield>
    <subfield code="1">0</subfield>
    <subfield code="4">0</subfield>
    <subfield code="7">0</subfield>
    <subfield code="a">BCEJYS</subfield>
    <subfield code="b">BCEJYS</subfield>
    <subfield code="c">17</subfield>
    <subfield code="d">2017-01-01</subfield>
    <subfield code="h">A&#xF1;o 39, N&#xBA; 460 - ene. 2017</subfield>
    <subfield code="l">0</subfield>
    <subfield code="o">H35 REG 460</subfield>
    <subfield code="p">R20680</subfield>
    <subfield code="r">2026-04-10 16:07:03</subfield>
    <subfield code="w">2026-04-10</subfield>
    <subfield code="y">RN</subfield>
  </datafield>
  <datafield tag="952" ind1=" " ind2=" ">
    <subfield code="0">0</subfield>
    <subfield code="1">0</subfield>
    <subfield code="4">0</subfield>
    <subfield code="7">0</subfield>
    <subfield code="a">BCEJYS</subfield>
    <subfield code="b">BCEJYS</subfield>
    <subfield code="c">17</subfield>
    <subfield code="d">2016-12-01</subfield>
    <subfield code="h">A&#xF1;o 39, N&#xBA; 459 - dic. 2016</subfield>
    <subfield code="l">0</subfield>
    <subfield code="o">H35 REG 459</subfield>
    <subfield code="p">R20622</subfield>
    <subfield code="r">2026-04-10 16:07:03</subfield>
    <subfield code="w">2026-04-10</subfield>
    <subfield code="y">RN</subfield>
  </datafield>
  <datafield tag="952" ind1=" " ind2=" ">
    <subfield code="0">0</subfield>
    <subfield code="1">0</subfield>
    <subfield code="4">0</subfield>
    <subfield code="7">0</subfield>
    <subfield code="a">BCEJYS</subfield>
    <subfield code="b">BCEJYS</subfield>
    <subfield code="c">17</subfield>
    <subfield code="d">2016-12-01</subfield>
    <subfield code="h">A&#xF1;o 39, N&#xBA; 459 - dic. 2016</subfield>
    <subfield code="l">0</subfield>
    <subfield code="o">H35 REG 459 Ej.2</subfield>
    <subfield code="p">R20623</subfield>
    <subfield code="r">2026-04-10 16:07:03</subfield>
    <subfield code="w">2026-04-10</subfield>
    <subfield code="y">RN</subfield>
  </datafield>
  <datafield tag="952" ind1=" " ind2=" ">
    <subfield code="0">0</subfield>
    <subfield code="1">0</subfield>
    <subfield code="4">0</subfield>
    <subfield code="7">0</subfield>
    <subfield code="a">BCEJYS</subfield>
    <subfield code="b">BCEJYS</subfield>
    <subfield code="c">17</subfield>
    <subfield code="d">2016-11-01</subfield>
    <subfield code="h">A&#xF1;o 39, N&#xBA; 458 - nov. 2016</subfield>
    <subfield code="l">0</subfield>
    <subfield code="o">H35 REG 458</subfield>
    <subfield code="p">R20621</subfield>
    <subfield code="r">2026-04-10 16:07:03</subfield>
    <subfield code="w">2026-04-10</subfield>
    <subfield code="y">RN</subfield>
  </datafield>
  <datafield tag="952" ind1=" " ind2=" ">
    <subfield code="0">0</subfield>
    <subfield code="1">0</subfield>
    <subfield code="4">0</subfield>
    <subfield code="7">0</subfield>
    <subfield code="a">BCEJYS</subfield>
    <subfield code="b">BCEJYS</subfield>
    <subfield code="c">17</subfield>
    <subfield code="d">2016-10-01</subfield>
    <subfield code="h">A&#xF1;o 39, N&#xBA; 457 - oct. 2016</subfield>
    <subfield code="l">0</subfield>
    <subfield code="o">H35 REG 457</subfield>
    <subfield code="p">R20620</subfield>
    <subfield code="r">2026-04-10 16:07:03</subfield>
    <subfield code="w">2026-04-10</subfield>
    <subfield code="y">RN</subfield>
  </datafield>
  <datafield tag="952" ind1=" " ind2=" ">
    <subfield code="0">0</subfield>
    <subfield code="1">0</subfield>
    <subfield code="4">0</subfield>
    <subfield code="7">0</subfield>
    <subfield code="a">BCEJYS</subfield>
    <subfield code="b">BCEJYS</subfield>
    <subfield code="c">17</subfield>
    <subfield code="d">2016-09-01</subfield>
    <subfield code="h">A&#xF1;o 38, N&#xBA; 456 - sep. 2016</subfield>
    <subfield code="l">0</subfield>
    <subfield code="o">H35 REG 456</subfield>
    <subfield code="p">R20561</subfield>
    <subfield code="r">2026-04-10 16:07:03</subfield>
    <subfield code="w">2026-04-10</subfield>
    <subfield code="y">RN</subfield>
  </datafield>
  <datafield tag="952" ind1=" " ind2=" ">
    <subfield code="0">0</subfield>
    <subfield code="1">0</subfield>
    <subfield code="4">0</subfield>
    <subfield code="7">0</subfield>
    <subfield code="a">BCEJYS</subfield>
    <subfield code="b">BCEJYS</subfield>
    <subfield code="c">17</subfield>
    <subfield code="d">2016-08-01</subfield>
    <subfield code="h">A&#xF1;o 38, N&#xBA; 455 - ago. 2016</subfield>
    <subfield code="l">0</subfield>
    <subfield code="o">H35 REG 455</subfield>
    <subfield code="p">R20495</subfield>
    <subfield code="r">2026-04-10 16:07:03</subfield>
    <subfield code="w">2026-04-10</subfield>
    <subfield code="y">RN</subfield>
  </datafield>
  <datafield tag="952" ind1=" " ind2=" ">
    <subfield code="0">0</subfield>
    <subfield code="1">0</subfield>
    <subfield code="4">0</subfield>
    <subfield code="7">0</subfield>
    <subfield code="a">BCEJYS</subfield>
    <subfield code="b">BCEJYS</subfield>
    <subfield code="c">17</subfield>
    <subfield code="d">2016-07-01</subfield>
    <subfield code="h">A&#xF1;o 38, N&#xBA; 454 - jul. 2016</subfield>
    <subfield code="l">0</subfield>
    <subfield code="o">H35 REG 454</subfield>
    <subfield code="p">R20494</subfield>
    <subfield code="r">2026-04-10 16:07:03</subfield>
    <subfield code="w">2026-04-10</subfield>
    <subfield code="y">RN</subfield>
  </datafield>
  <datafield tag="952" ind1=" " ind2=" ">
    <subfield code="0">0</subfield>
    <subfield code="1">0</subfield>
    <subfield code="4">0</subfield>
    <subfield code="7">0</subfield>
    <subfield code="a">BCEJYS</subfield>
    <subfield code="b">BCEJYS</subfield>
    <subfield code="c">17</subfield>
    <subfield code="d">2016-06-01</subfield>
    <subfield code="h">A&#xF1;o 38, N&#xBA; 453 - jun. 2016</subfield>
    <subfield code="l">0</subfield>
    <subfield code="o">H35 REG 453</subfield>
    <subfield code="p">R20471</subfield>
    <subfield code="r">2026-04-10 16:07:03</subfield>
    <subfield code="w">2026-04-10</subfield>
    <subfield code="y">RN</subfield>
  </datafield>
  <datafield tag="952" ind1=" " ind2=" ">
    <subfield code="0">0</subfield>
    <subfield code="1">0</subfield>
    <subfield code="4">0</subfield>
    <subfield code="7">0</subfield>
    <subfield code="a">BCEJYS</subfield>
    <subfield code="b">BCEJYS</subfield>
    <subfield code="c">17</subfield>
    <subfield code="d">2016-05-01</subfield>
    <subfield code="h">A&#xF1;o 38, N&#xBA; 452 - mayo 2016</subfield>
    <subfield code="l">0</subfield>
    <subfield code="o">H35 REG 452</subfield>
    <subfield code="p">R20345</subfield>
    <subfield code="r">2026-04-10 16:07:03</subfield>
    <subfield code="w">2026-04-10</subfield>
    <subfield code="y">RN</subfield>
  </datafield>
  <datafield tag="952" ind1=" " ind2=" ">
    <subfield code="0">0</subfield>
    <subfield code="1">0</subfield>
    <subfield code="4">0</subfield>
    <subfield code="7">0</subfield>
    <subfield code="a">BCEJYS</subfield>
    <subfield code="b">BCEJYS</subfield>
    <subfield code="c">17</subfield>
    <subfield code="d">2016-04-01</subfield>
    <subfield code="h">A&#xF1;o 38, N&#xBA; 451 - abr. 2016</subfield>
    <subfield code="l">0</subfield>
    <subfield code="o">H35 REG 451</subfield>
    <subfield code="p">R20240</subfield>
    <subfield code="r">2026-04-10 16:07:03</subfield>
    <subfield code="w">2026-04-10</subfield>
    <subfield code="y">RN</subfield>
  </datafield>
  <datafield tag="952" ind1=" " ind2=" ">
    <subfield code="0">0</subfield>
    <subfield code="1">0</subfield>
    <subfield code="4">0</subfield>
    <subfield code="7">0</subfield>
    <subfield code="a">BCEJYS</subfield>
    <subfield code="b">BCEJYS</subfield>
    <subfield code="c">17</subfield>
    <subfield code="d">2016-03-01</subfield>
    <subfield code="h">A&#xF1;o 38, N&#xBA; 450 - mar. 2016</subfield>
    <subfield code="l">0</subfield>
    <subfield code="o">H35 REG 450</subfield>
    <subfield code="p">R19826</subfield>
    <subfield code="r">2026-04-10 16:07:03</subfield>
    <subfield code="w">2026-04-10</subfield>
    <subfield code="y">RN</subfield>
  </datafield>
  <datafield tag="952" ind1=" " ind2=" ">
    <subfield code="0">0</subfield>
    <subfield code="1">0</subfield>
    <subfield code="4">0</subfield>
    <subfield code="7">0</subfield>
    <subfield code="a">BCEJYS</subfield>
    <subfield code="b">BCEJYS</subfield>
    <subfield code="c">17</subfield>
    <subfield code="d">2016-02-01</subfield>
    <subfield code="h">A&#xF1;o 38, N&#xBA; 449 - feb. 2016</subfield>
    <subfield code="l">0</subfield>
    <subfield code="o">H35 REG 449</subfield>
    <subfield code="p">R19313</subfield>
    <subfield code="r">2026-04-10 16:07:03</subfield>
    <subfield code="w">2026-04-10</subfield>
    <subfield code="y">RN</subfield>
  </datafield>
  <datafield tag="952" ind1=" " ind2=" ">
    <subfield code="0">0</subfield>
    <subfield code="1">0</subfield>
    <subfield code="4">0</subfield>
    <subfield code="7">0</subfield>
    <subfield code="a">BCEJYS</subfield>
    <subfield code="b">BCEJYS</subfield>
    <subfield code="c">17</subfield>
    <subfield code="d">2016-01-01</subfield>
    <subfield code="h">A&#xF1;o 38, N&#xBA; 448 - ene. 2016</subfield>
    <subfield code="l">0</subfield>
    <subfield code="o">H35 REG 448</subfield>
    <subfield code="p">R18959</subfield>
    <subfield code="r">2026-04-10 16:07:03</subfield>
    <subfield code="w">2026-04-10</subfield>
    <subfield code="y">RN</subfield>
  </datafield>
  <datafield tag="952" ind1=" " ind2=" ">
    <subfield code="0">0</subfield>
    <subfield code="1">0</subfield>
    <subfield code="4">0</subfield>
    <subfield code="7">0</subfield>
    <subfield code="a">BCEJYS</subfield>
    <subfield code="b">BCEJYS</subfield>
    <subfield code="c">17</subfield>
    <subfield code="d">2015-12-01</subfield>
    <subfield code="h">A&#xF1;o 38, N&#xBA; 447 - dic. 2015</subfield>
    <subfield code="l">0</subfield>
    <subfield code="o">H35 REG 447</subfield>
    <subfield code="p">R17919</subfield>
    <subfield code="r">2026-04-10 16:07:03</subfield>
    <subfield code="w">2026-04-10</subfield>
    <subfield code="y">RN</subfield>
  </datafield>
  <datafield tag="952" ind1=" " ind2=" ">
    <subfield code="0">0</subfield>
    <subfield code="1">0</subfield>
    <subfield code="4">0</subfield>
    <subfield code="7">0</subfield>
    <subfield code="a">BCEJYS</subfield>
    <subfield code="b">BCEJYS</subfield>
    <subfield code="c">17</subfield>
    <subfield code="d">2015-11-01</subfield>
    <subfield code="h">A&#xF1;o 38, N&#xBA; 446 - nov. 2015</subfield>
    <subfield code="l">0</subfield>
    <subfield code="o">H35 REG 446</subfield>
    <subfield code="p">R17772</subfield>
    <subfield code="r">2026-04-10 16:07:03</subfield>
    <subfield code="w">2026-04-10</subfield>
    <subfield code="y">RN</subfield>
  </datafield>
  <datafield tag="952" ind1=" " ind2=" ">
    <subfield code="0">0</subfield>
    <subfield code="1">0</subfield>
    <subfield code="4">0</subfield>
    <subfield code="7">0</subfield>
    <subfield code="a">BCEJYS</subfield>
    <subfield code="b">BCEJYS</subfield>
    <subfield code="c">17</subfield>
    <subfield code="d">2015-10-01</subfield>
    <subfield code="h">A&#xF1;o 38, N&#xBA; 445 - oct. 2015</subfield>
    <subfield code="l">0</subfield>
    <subfield code="o">H35 REG 445</subfield>
    <subfield code="p">R17593</subfield>
    <subfield code="r">2026-04-10 16:07:03</subfield>
    <subfield code="w">2026-04-10</subfield>
    <subfield code="y">RN</subfield>
  </datafield>
  <datafield tag="952" ind1=" " ind2=" ">
    <subfield code="0">0</subfield>
    <subfield code="1">0</subfield>
    <subfield code="4">0</subfield>
    <subfield code="7">0</subfield>
    <subfield code="a">BCEJYS</subfield>
    <subfield code="b">BCEJYS</subfield>
    <subfield code="c">17</subfield>
    <subfield code="d">2015-09-01</subfield>
    <subfield code="h">A&#xF1;o 37, N&#xBA; 444s - sep. 2015</subfield>
    <subfield code="l">0</subfield>
    <subfield code="o">H35 REG 444s</subfield>
    <subfield code="p">R16885</subfield>
    <subfield code="r">2026-04-10 16:07:03</subfield>
    <subfield code="w">2026-04-10</subfield>
    <subfield code="y">RN</subfield>
  </datafield>
  <datafield tag="952" ind1=" " ind2=" ">
    <subfield code="0">0</subfield>
    <subfield code="1">0</subfield>
    <subfield code="4">0</subfield>
    <subfield code="7">0</subfield>
    <subfield code="a">BCEJYS</subfield>
    <subfield code="b">BCEJYS</subfield>
    <subfield code="c">17</subfield>
    <subfield code="d">2015-09-01</subfield>
    <subfield code="h">A&#xF1;o 37, N&#xBA; 444 - sep. 2015</subfield>
    <subfield code="l">0</subfield>
    <subfield code="o">H35 REG 444</subfield>
    <subfield code="p">R16884</subfield>
    <subfield code="r">2026-04-10 16:07:03</subfield>
    <subfield code="w">2026-04-10</subfield>
    <subfield code="y">RN</subfield>
  </datafield>
  <datafield tag="952" ind1=" " ind2=" ">
    <subfield code="0">0</subfield>
    <subfield code="1">0</subfield>
    <subfield code="4">0</subfield>
    <subfield code="7">0</subfield>
    <subfield code="a">BCEJYS</subfield>
    <subfield code="b">BCEJYS</subfield>
    <subfield code="c">17</subfield>
    <subfield code="d">2015-08-01</subfield>
    <subfield code="h">A&#xF1;o 37, N&#xBA; 443 - ago. 2015</subfield>
    <subfield code="l">0</subfield>
    <subfield code="o">H35 REG 443</subfield>
    <subfield code="p">R16202</subfield>
    <subfield code="r">2026-04-10 16:07:03</subfield>
    <subfield code="w">2026-04-10</subfield>
    <subfield code="y">RN</subfield>
  </datafield>
  <datafield tag="952" ind1=" " ind2=" ">
    <subfield code="0">0</subfield>
    <subfield code="1">0</subfield>
    <subfield code="4">0</subfield>
    <subfield code="7">0</subfield>
    <subfield code="a">BCEJYS</subfield>
    <subfield code="b">BCEJYS</subfield>
    <subfield code="c">17</subfield>
    <subfield code="d">2015-07-01</subfield>
    <subfield code="h">A&#xF1;o 37, N&#xBA; 442 - jul. 2015</subfield>
    <subfield code="l">0</subfield>
    <subfield code="o">H35 REG 442</subfield>
    <subfield code="p">R16201</subfield>
    <subfield code="r">2026-04-10 16:07:03</subfield>
    <subfield code="w">2026-04-10</subfield>
    <subfield code="y">RN</subfield>
  </datafield>
  <datafield tag="952" ind1=" " ind2=" ">
    <subfield code="0">0</subfield>
    <subfield code="1">0</subfield>
    <subfield code="4">0</subfield>
    <subfield code="7">0</subfield>
    <subfield code="a">BCEJYS</subfield>
    <subfield code="b">BCEJYS</subfield>
    <subfield code="c">17</subfield>
    <subfield code="d">2015-06-01</subfield>
    <subfield code="h">A&#xF1;o 37, N&#xBA; 441 - jun. 2015</subfield>
    <subfield code="l">0</subfield>
    <subfield code="o">H35 REG 441</subfield>
    <subfield code="p">R15145</subfield>
    <subfield code="r">2026-04-10 16:07:03</subfield>
    <subfield code="w">2026-04-10</subfield>
    <subfield code="y">RN</subfield>
  </datafield>
  <datafield tag="952" ind1=" " ind2=" ">
    <subfield code="0">0</subfield>
    <subfield code="1">0</subfield>
    <subfield code="4">0</subfield>
    <subfield code="7">0</subfield>
    <subfield code="a">BCEJYS</subfield>
    <subfield code="b">BCEJYS</subfield>
    <subfield code="c">17</subfield>
    <subfield code="d">2015-05-01</subfield>
    <subfield code="h">A&#xF1;o 37, N&#xBA; 440 - mayo 2015</subfield>
    <subfield code="l">0</subfield>
    <subfield code="o">H35 REG 440</subfield>
    <subfield code="p">R15144</subfield>
    <subfield code="r">2026-04-10 16:07:03</subfield>
    <subfield code="w">2026-04-10</subfield>
    <subfield code="y">RN</subfield>
  </datafield>
  <datafield tag="952" ind1=" " ind2=" ">
    <subfield code="0">0</subfield>
    <subfield code="1">0</subfield>
    <subfield code="4">0</subfield>
    <subfield code="7">0</subfield>
    <subfield code="a">BCEJYS</subfield>
    <subfield code="b">BCEJYS</subfield>
    <subfield code="c">17</subfield>
    <subfield code="d">2015-04-01</subfield>
    <subfield code="h">A&#xF1;o 37, N&#xBA; 439 - abr. 2015</subfield>
    <subfield code="l">0</subfield>
    <subfield code="o">H35 REG 439</subfield>
    <subfield code="p">R15143</subfield>
    <subfield code="r">2026-04-10 16:07:03</subfield>
    <subfield code="w">2026-04-10</subfield>
    <subfield code="y">RN</subfield>
  </datafield>
  <datafield tag="952" ind1=" " ind2=" ">
    <subfield code="0">0</subfield>
    <subfield code="1">0</subfield>
    <subfield code="4">0</subfield>
    <subfield code="7">0</subfield>
    <subfield code="a">BCEJYS</subfield>
    <subfield code="b">BCEJYS</subfield>
    <subfield code="c">17</subfield>
    <subfield code="d">2015-03-01</subfield>
    <subfield code="h">A&#xF1;o 37, N&#xBA; 438 - mar. 2015</subfield>
    <subfield code="l">0</subfield>
    <subfield code="o">H35 REG 438</subfield>
    <subfield code="p">R15142</subfield>
    <subfield code="r">2026-04-10 16:07:03</subfield>
    <subfield code="w">2026-04-10</subfield>
    <subfield code="y">RN</subfield>
  </datafield>
  <datafield tag="952" ind1=" " ind2=" ">
    <subfield code="0">0</subfield>
    <subfield code="1">0</subfield>
    <subfield code="4">0</subfield>
    <subfield code="7">0</subfield>
    <subfield code="a">BCEJYS</subfield>
    <subfield code="b">BCEJYS</subfield>
    <subfield code="c">17</subfield>
    <subfield code="d">2015-02-01</subfield>
    <subfield code="h">A&#xF1;o 37, N&#xBA; 437 - feb. 2015</subfield>
    <subfield code="l">0</subfield>
    <subfield code="o">H35 REG 437</subfield>
    <subfield code="p">R15141</subfield>
    <subfield code="r">2026-04-10 16:07:03</subfield>
    <subfield code="w">2026-04-10</subfield>
    <subfield code="y">RN</subfield>
  </datafield>
  <datafield tag="952" ind1=" " ind2=" ">
    <subfield code="0">0</subfield>
    <subfield code="1">0</subfield>
    <subfield code="4">0</subfield>
    <subfield code="7">0</subfield>
    <subfield code="a">BCEJYS</subfield>
    <subfield code="b">BCEJYS</subfield>
    <subfield code="c">17</subfield>
    <subfield code="d">2015-01-01</subfield>
    <subfield code="h">A&#xF1;o 37, N&#xBA; 436 - ene. 2015</subfield>
    <subfield code="l">0</subfield>
    <subfield code="o">H35 REG 436</subfield>
    <subfield code="p">R15140</subfield>
    <subfield code="r">2026-04-10 16:07:03</subfield>
    <subfield code="w">2026-04-10</subfield>
    <subfield code="y">RN</subfield>
  </datafield>
  <datafield tag="952" ind1=" " ind2=" ">
    <subfield code="0">0</subfield>
    <subfield code="1">0</subfield>
    <subfield code="4">0</subfield>
    <subfield code="7">0</subfield>
    <subfield code="a">BCEJYS</subfield>
    <subfield code="b">BCEJYS</subfield>
    <subfield code="c">17</subfield>
    <subfield code="d">2014-12-01</subfield>
    <subfield code="h">A&#xF1;o 37, N&#xBA; 435 - dic. 2014</subfield>
    <subfield code="l">0</subfield>
    <subfield code="o">H35 REG 435</subfield>
    <subfield code="p">R15139</subfield>
    <subfield code="r">2026-04-10 16:07:03</subfield>
    <subfield code="w">2026-04-10</subfield>
    <subfield code="y">RN</subfield>
  </datafield>
  <datafield tag="952" ind1=" " ind2=" ">
    <subfield code="0">0</subfield>
    <subfield code="1">0</subfield>
    <subfield code="4">0</subfield>
    <subfield code="7">0</subfield>
    <subfield code="a">BCEJYS</subfield>
    <subfield code="b">BCEJYS</subfield>
    <subfield code="c">17</subfield>
    <subfield code="d">2014-11-01</subfield>
    <subfield code="h">A&#xF1;o 37, N&#xBA; 434 - nov. 2014</subfield>
    <subfield code="l">0</subfield>
    <subfield code="o">H35 REG 434</subfield>
    <subfield code="p">R15138</subfield>
    <subfield code="r">2026-04-10 16:07:03</subfield>
    <subfield code="w">2026-04-10</subfield>
    <subfield code="y">RN</subfield>
  </datafield>
  <datafield tag="952" ind1=" " ind2=" ">
    <subfield code="0">0</subfield>
    <subfield code="1">0</subfield>
    <subfield code="4">0</subfield>
    <subfield code="7">0</subfield>
    <subfield code="a">BCEJYS</subfield>
    <subfield code="b">BCEJYS</subfield>
    <subfield code="c">17</subfield>
    <subfield code="d">2014-10-01</subfield>
    <subfield code="h">A&#xF1;o 37, N&#xBA; 433 - oct. 2014</subfield>
    <subfield code="l">0</subfield>
    <subfield code="o">H35 REG 433</subfield>
    <subfield code="p">R15137</subfield>
    <subfield code="r">2026-04-10 16:07:03</subfield>
    <subfield code="w">2026-04-10</subfield>
    <subfield code="y">RN</subfield>
  </datafield>
  <datafield tag="952" ind1=" " ind2=" ">
    <subfield code="0">0</subfield>
    <subfield code="1">0</subfield>
    <subfield code="4">0</subfield>
    <subfield code="7">0</subfield>
    <subfield code="a">BCEJYS</subfield>
    <subfield code="b">BCEJYS</subfield>
    <subfield code="c">17</subfield>
    <subfield code="d">2014-09-01</subfield>
    <subfield code="h">A&#xF1;o 36, N&#xBA; 432 - sep. 2014</subfield>
    <subfield code="l">0</subfield>
    <subfield code="o">H35 REG 432</subfield>
    <subfield code="p">R15136</subfield>
    <subfield code="r">2026-04-10 16:07:03</subfield>
    <subfield code="w">2026-04-10</subfield>
    <subfield code="y">RN</subfield>
  </datafield>
  <datafield tag="952" ind1=" " ind2=" ">
    <subfield code="0">0</subfield>
    <subfield code="1">0</subfield>
    <subfield code="4">0</subfield>
    <subfield code="7">0</subfield>
    <subfield code="a">BCEJYS</subfield>
    <subfield code="b">BCEJYS</subfield>
    <subfield code="c">17</subfield>
    <subfield code="d">2014-08-01</subfield>
    <subfield code="h">A&#xF1;o 36, N&#xBA; 431 - ago. 2014</subfield>
    <subfield code="l">0</subfield>
    <subfield code="o">H35 REG 431</subfield>
    <subfield code="p">R15135</subfield>
    <subfield code="r">2026-04-10 16:07:03</subfield>
    <subfield code="w">2026-04-10</subfield>
    <subfield code="y">RN</subfield>
  </datafield>
  <datafield tag="952" ind1=" " ind2=" ">
    <subfield code="0">0</subfield>
    <subfield code="1">0</subfield>
    <subfield code="4">0</subfield>
    <subfield code="7">0</subfield>
    <subfield code="a">BCEJYS</subfield>
    <subfield code="b">BCEJYS</subfield>
    <subfield code="c">17</subfield>
    <subfield code="d">2014-07-01</subfield>
    <subfield code="h">A&#xF1;o 36, N&#xBA; 430 - jul. 2014</subfield>
    <subfield code="l">0</subfield>
    <subfield code="o">H35 REG 430</subfield>
    <subfield code="p">R15134</subfield>
    <subfield code="r">2026-04-10 16:07:03</subfield>
    <subfield code="w">2026-04-10</subfield>
    <subfield code="y">RN</subfield>
  </datafield>
  <datafield tag="952" ind1=" " ind2=" ">
    <subfield code="0">0</subfield>
    <subfield code="1">0</subfield>
    <subfield code="4">0</subfield>
    <subfield code="7">0</subfield>
    <subfield code="a">BCEJYS</subfield>
    <subfield code="b">BCEJYS</subfield>
    <subfield code="c">17</subfield>
    <subfield code="d">2014-06-01</subfield>
    <subfield code="h">A&#xF1;o 36, N&#xBA; 429 - jun. 2014</subfield>
    <subfield code="l">0</subfield>
    <subfield code="o">H35 REG 429</subfield>
    <subfield code="p">R15133</subfield>
    <subfield code="r">2026-04-10 16:07:03</subfield>
    <subfield code="w">2026-04-10</subfield>
    <subfield code="y">RN</subfield>
  </datafield>
  <datafield tag="952" ind1=" " ind2=" ">
    <subfield code="0">0</subfield>
    <subfield code="1">0</subfield>
    <subfield code="4">0</subfield>
    <subfield code="7">0</subfield>
    <subfield code="a">BCEJYS</subfield>
    <subfield code="b">BCEJYS</subfield>
    <subfield code="c">17</subfield>
    <subfield code="d">2014-05-01</subfield>
    <subfield code="h">A&#xF1;o 36, N&#xBA; 428 - mayo 2014</subfield>
    <subfield code="l">0</subfield>
    <subfield code="o">H35 REG 428</subfield>
    <subfield code="p">R15132</subfield>
    <subfield code="r">2026-04-10 16:07:03</subfield>
    <subfield code="w">2026-04-10</subfield>
    <subfield code="y">RN</subfield>
  </datafield>
  <datafield tag="952" ind1=" " ind2=" ">
    <subfield code="0">0</subfield>
    <subfield code="1">0</subfield>
    <subfield code="4">0</subfield>
    <subfield code="7">0</subfield>
    <subfield code="a">BCEJYS</subfield>
    <subfield code="b">BCEJYS</subfield>
    <subfield code="c">17</subfield>
    <subfield code="d">2014-04-01</subfield>
    <subfield code="h">A&#xF1;o 36, N&#xBA; 427 - abr. 2014</subfield>
    <subfield code="l">0</subfield>
    <subfield code="o">H35 REG 427</subfield>
    <subfield code="p">R15131</subfield>
    <subfield code="r">2026-04-10 16:07:03</subfield>
    <subfield code="w">2026-04-10</subfield>
    <subfield code="y">RN</subfield>
  </datafield>
  <datafield tag="952" ind1=" " ind2=" ">
    <subfield code="0">0</subfield>
    <subfield code="1">0</subfield>
    <subfield code="4">0</subfield>
    <subfield code="7">0</subfield>
    <subfield code="a">BCEJYS</subfield>
    <subfield code="b">BCEJYS</subfield>
    <subfield code="c">17</subfield>
    <subfield code="d">2014-02-01</subfield>
    <subfield code="h">A&#xF1;o 36, N&#xBA; 425 - feb. 2014</subfield>
    <subfield code="l">0</subfield>
    <subfield code="o">H35 REG 425</subfield>
    <subfield code="p">R15130</subfield>
    <subfield code="r">2026-04-10 16:07:03</subfield>
    <subfield code="w">2026-04-10</subfield>
    <subfield code="y">RN</subfield>
  </datafield>
  <datafield tag="952" ind1=" " ind2=" ">
    <subfield code="0">0</subfield>
    <subfield code="1">0</subfield>
    <subfield code="4">0</subfield>
    <subfield code="7">0</subfield>
    <subfield code="a">BCEJYS</subfield>
    <subfield code="b">BCEJYS</subfield>
    <subfield code="c">17</subfield>
    <subfield code="d">2014-01-01</subfield>
    <subfield code="h">A&#xF1;o 36, N&#xBA; 424 - ene. 2014</subfield>
    <subfield code="l">0</subfield>
    <subfield code="o">H35 REG 424</subfield>
    <subfield code="p">R15129</subfield>
    <subfield code="r">2026-04-10 16:07:03</subfield>
    <subfield code="w">2026-04-10</subfield>
    <subfield code="y">RN</subfield>
  </datafield>
  <datafield tag="952" ind1=" " ind2=" ">
    <subfield code="0">0</subfield>
    <subfield code="1">0</subfield>
    <subfield code="4">0</subfield>
    <subfield code="7">0</subfield>
    <subfield code="a">BCEJYS</subfield>
    <subfield code="b">BCEJYS</subfield>
    <subfield code="c">17</subfield>
    <subfield code="d">2013-12-01</subfield>
    <subfield code="h">A&#xF1;o 36, N&#xBA; 423 - dic. 2013</subfield>
    <subfield code="l">0</subfield>
    <subfield code="o">H35 REG 423</subfield>
    <subfield code="p">R15128</subfield>
    <subfield code="r">2026-04-10 16:07:03</subfield>
    <subfield code="w">2026-04-10</subfield>
    <subfield code="y">RN</subfield>
  </datafield>
  <datafield tag="952" ind1=" " ind2=" ">
    <subfield code="0">0</subfield>
    <subfield code="1">0</subfield>
    <subfield code="4">0</subfield>
    <subfield code="7">0</subfield>
    <subfield code="a">BCEJYS</subfield>
    <subfield code="b">BCEJYS</subfield>
    <subfield code="c">17</subfield>
    <subfield code="d">2013-11-01</subfield>
    <subfield code="h">A&#xF1;o 36, N&#xBA; 422 - nov. 2013</subfield>
    <subfield code="l">0</subfield>
    <subfield code="o">H35 REG 422</subfield>
    <subfield code="p">R15127</subfield>
    <subfield code="r">2026-04-10 16:07:03</subfield>
    <subfield code="w">2026-04-10</subfield>
    <subfield code="y">RN</subfield>
  </datafield>
  <datafield tag="952" ind1=" " ind2=" ">
    <subfield code="0">0</subfield>
    <subfield code="1">0</subfield>
    <subfield code="4">0</subfield>
    <subfield code="7">0</subfield>
    <subfield code="a">BCEJYS</subfield>
    <subfield code="b">BCEJYS</subfield>
    <subfield code="c">17</subfield>
    <subfield code="d">2013-10-01</subfield>
    <subfield code="h">A&#xF1;o 36, N&#xBA; 421 - oct. 2013</subfield>
    <subfield code="l">0</subfield>
    <subfield code="o">H35 REG 421</subfield>
    <subfield code="p">R15126</subfield>
    <subfield code="r">2026-04-10 16:07:03</subfield>
    <subfield code="w">2026-04-10</subfield>
    <subfield code="y">RN</subfield>
  </datafield>
  <datafield tag="952" ind1=" " ind2=" ">
    <subfield code="0">0</subfield>
    <subfield code="1">0</subfield>
    <subfield code="4">0</subfield>
    <subfield code="7">0</subfield>
    <subfield code="a">BCEJYS</subfield>
    <subfield code="b">BCEJYS</subfield>
    <subfield code="c">17</subfield>
    <subfield code="d">2012-06-01</subfield>
    <subfield code="h">A&#xF1;o 34, N&#xBA; 405 - jun. 2012</subfield>
    <subfield code="l">0</subfield>
    <subfield code="o">H35 REG 405</subfield>
    <subfield code="p">R22035</subfield>
    <subfield code="r">2026-04-10 16:07:03</subfield>
    <subfield code="w">2026-04-10</subfield>
    <subfield code="y">RN</subfield>
  </datafield>
  <datafield tag="952" ind1=" " ind2=" ">
    <subfield code="0">0</subfield>
    <subfield code="1">0</subfield>
    <subfield code="4">0</subfield>
    <subfield code="7">0</subfield>
    <subfield code="a">BCEJYS</subfield>
    <subfield code="b">BCEJYS</subfield>
    <subfield code="c">17</subfield>
    <subfield code="d">2012-05-01</subfield>
    <subfield code="h">A&#xF1;o 34, N&#xBA; 404 - mayo 2012</subfield>
    <subfield code="l">0</subfield>
    <subfield code="o">H35 REG 404</subfield>
    <subfield code="p">R22034</subfield>
    <subfield code="r">2026-04-10 16:07:03</subfield>
    <subfield code="w">2026-04-10</subfield>
    <subfield code="y">RN</subfield>
  </datafield>
  <datafield tag="952" ind1=" " ind2=" ">
    <subfield code="0">0</subfield>
    <subfield code="1">0</subfield>
    <subfield code="4">0</subfield>
    <subfield code="7">0</subfield>
    <subfield code="a">BCEJYS</subfield>
    <subfield code="b">BCEJYS</subfield>
    <subfield code="c">17</subfield>
    <subfield code="d">2011-12-01</subfield>
    <subfield code="h">A&#xF1;o 34, N&#xBA; 399 - nov. 2011</subfield>
    <subfield code="l">0</subfield>
    <subfield code="o">H35 REG 399</subfield>
    <subfield code="p">R22033</subfield>
    <subfield code="r">2026-04-10 16:07:03</subfield>
    <subfield code="w">2026-04-10</subfield>
    <subfield code="y">RN</subfield>
  </datafield>
  <datafield tag="952" ind1=" " ind2=" ">
    <subfield code="0">0</subfield>
    <subfield code="1">0</subfield>
    <subfield code="4">0</subfield>
    <subfield code="7">0</subfield>
    <subfield code="a">BCEJYS</subfield>
    <subfield code="b">BCEJYS</subfield>
    <subfield code="c">17</subfield>
    <subfield code="d">2008-10-01</subfield>
    <subfield code="h">A&#xF1;o 31, N&#xBA; 361 - oct. 2008</subfield>
    <subfield code="l">0</subfield>
    <subfield code="o">H35 REG 361</subfield>
    <subfield code="p">R22032</subfield>
    <subfield code="r">2026-04-10 16:07:03</subfield>
    <subfield code="w">2026-04-10</subfield>
    <subfield code="y">RN</subfield>
  </datafield>
  <datafield tag="952" ind1=" " ind2=" ">
    <subfield code="0">0</subfield>
    <subfield code="1">0</subfield>
    <subfield code="4">0</subfield>
    <subfield code="7">0</subfield>
    <subfield code="a">BCEJYS</subfield>
    <subfield code="b">BCEJYS</subfield>
    <subfield code="c">17</subfield>
    <subfield code="d">2002-12-01</subfield>
    <subfield code="h">A&#xF1;o 24 - ene./dic.2002</subfield>
    <subfield code="l">0</subfield>
    <subfield code="o">H35 REG 2002</subfield>
    <subfield code="p">R09697</subfield>
    <subfield code="r">2026-04-10 16:07:03</subfield>
    <subfield code="w">2026-04-10</subfield>
    <subfield code="y">RN</subfield>
  </datafield>
  <datafield tag="952" ind1=" " ind2=" ">
    <subfield code="0">0</subfield>
    <subfield code="1">0</subfield>
    <subfield code="4">0</subfield>
    <subfield code="7">0</subfield>
    <subfield code="a">BCEJYS</subfield>
    <subfield code="b">BCEJYS</subfield>
    <subfield code="c">17</subfield>
    <subfield code="d">2002-07-01</subfield>
    <subfield code="h">jul. 2002</subfield>
    <subfield code="l">0</subfield>
    <subfield code="o">H35 REG 7.2002</subfield>
    <subfield code="p">R01629</subfield>
    <subfield code="r">2026-04-10 16:07:03</subfield>
    <subfield code="w">2026-04-10</subfield>
    <subfield code="y">RN</subfield>
  </datafield>
  <datafield tag="952" ind1=" " ind2=" ">
    <subfield code="0">0</subfield>
    <subfield code="1">0</subfield>
    <subfield code="4">0</subfield>
    <subfield code="7">0</subfield>
    <subfield code="a">BCEJYS</subfield>
    <subfield code="b">BCEJYS</subfield>
    <subfield code="c">17</subfield>
    <subfield code="d">2002-05-01</subfield>
    <subfield code="h">A&#xF1;o 24, N&#xBA; 284 - may. 2002</subfield>
    <subfield code="l">0</subfield>
    <subfield code="o">H35 REG 284</subfield>
    <subfield code="p">R01630</subfield>
    <subfield code="r">2026-04-10 16:07:03</subfield>
    <subfield code="w">2026-04-10</subfield>
    <subfield code="y">RN</subfield>
  </datafield>
  <datafield tag="952" ind1=" " ind2=" ">
    <subfield code="0">0</subfield>
    <subfield code="1">0</subfield>
    <subfield code="4">0</subfield>
    <subfield code="7">0</subfield>
    <subfield code="a">BCEJYS</subfield>
    <subfield code="b">BCEJYS</subfield>
    <subfield code="c">17</subfield>
    <subfield code="d">2002-04-01</subfield>
    <subfield code="h">A&#xF1;o 24, N&#xBA; 283 - abr. 2002</subfield>
    <subfield code="l">0</subfield>
    <subfield code="o">H35 REG 283</subfield>
    <subfield code="p">R01631</subfield>
    <subfield code="r">2026-04-10 16:07:03</subfield>
    <subfield code="w">2026-04-10</subfield>
    <subfield code="y">RN</subfield>
  </datafield>
  <datafield tag="952" ind1=" " ind2=" ">
    <subfield code="0">0</subfield>
    <subfield code="1">0</subfield>
    <subfield code="4">0</subfield>
    <subfield code="7">0</subfield>
    <subfield code="a">BCEJYS</subfield>
    <subfield code="b">BCEJYS</subfield>
    <subfield code="c">17</subfield>
    <subfield code="d">2002-03-01</subfield>
    <subfield code="h">A&#xF1;o 24, N&#xBA; 282 - mar. 2002</subfield>
    <subfield code="l">0</subfield>
    <subfield code="o">H35 REG 282</subfield>
    <subfield code="p">R01632</subfield>
    <subfield code="r">2026-04-10 16:07:03</subfield>
    <subfield code="w">2026-04-10</subfield>
    <subfield code="y">RN</subfield>
  </datafield>
  <datafield tag="952" ind1=" " ind2=" ">
    <subfield code="0">0</subfield>
    <subfield code="1">0</subfield>
    <subfield code="4">0</subfield>
    <subfield code="7">0</subfield>
    <subfield code="a">BCEJYS</subfield>
    <subfield code="b">BCEJYS</subfield>
    <subfield code="c">17</subfield>
    <subfield code="d">2002-02-01</subfield>
    <subfield code="h">A&#xF1;o 24 - feb. 2002</subfield>
    <subfield code="l">0</subfield>
    <subfield code="o">H35 REG 2.2002</subfield>
    <subfield code="p">R01634</subfield>
    <subfield code="r">2026-04-10 16:07:03</subfield>
    <subfield code="w">2026-04-10</subfield>
    <subfield code="y">RN</subfield>
  </datafield>
  <datafield tag="952" ind1=" " ind2=" ">
    <subfield code="0">0</subfield>
    <subfield code="1">0</subfield>
    <subfield code="4">0</subfield>
    <subfield code="7">0</subfield>
    <subfield code="a">BCEJYS</subfield>
    <subfield code="b">BCEJYS</subfield>
    <subfield code="c">17</subfield>
    <subfield code="d">2002-02-01</subfield>
    <subfield code="h">A&#xF1;o 24, N&#xBA; 281 - feb. 2002</subfield>
    <subfield code="l">0</subfield>
    <subfield code="o">H35 REG 281</subfield>
    <subfield code="p">R01633</subfield>
    <subfield code="r">2026-04-10 16:07:03</subfield>
    <subfield code="w">2026-04-10</subfield>
    <subfield code="y">RN</subfield>
  </datafield>
  <datafield tag="952" ind1=" " ind2=" ">
    <subfield code="0">0</subfield>
    <subfield code="1">0</subfield>
    <subfield code="4">0</subfield>
    <subfield code="7">0</subfield>
    <subfield code="a">BCEJYS</subfield>
    <subfield code="b">BCEJYS</subfield>
    <subfield code="c">17</subfield>
    <subfield code="d">2002-01-01</subfield>
    <subfield code="h">A&#xF1;o 24, N&#xBA; 280 - ene. 2002</subfield>
    <subfield code="l">0</subfield>
    <subfield code="o">H35 REG 280</subfield>
    <subfield code="p">R01628</subfield>
    <subfield code="r">2026-04-10 16:07:03</subfield>
    <subfield code="w">2026-04-10</subfield>
    <subfield code="y">RN</subfield>
  </datafield>
  <datafield tag="952" ind1=" " ind2=" ">
    <subfield code="0">0</subfield>
    <subfield code="1">0</subfield>
    <subfield code="4">0</subfield>
    <subfield code="7">0</subfield>
    <subfield code="a">BCEJYS</subfield>
    <subfield code="b">BCEJYS</subfield>
    <subfield code="c">17</subfield>
    <subfield code="d">2001-09-01</subfield>
    <subfield code="h">A&#xF1;o 23, N&#xBA; 276 - sep. 2001</subfield>
    <subfield code="l">0</subfield>
    <subfield code="o">H35 REG 276</subfield>
    <subfield code="p">R01381</subfield>
    <subfield code="r">2026-04-10 16:07:03</subfield>
    <subfield code="w">2026-04-10</subfield>
    <subfield code="y">RN</subfield>
  </datafield>
  <datafield tag="952" ind1=" " ind2=" ">
    <subfield code="0">0</subfield>
    <subfield code="1">0</subfield>
    <subfield code="4">0</subfield>
    <subfield code="7">0</subfield>
    <subfield code="a">BCEJYS</subfield>
    <subfield code="b">BCEJYS</subfield>
    <subfield code="c">17</subfield>
    <subfield code="d">2001-08-01</subfield>
    <subfield code="h">A&#xF1;o 23, N&#xBA; 275 - ago. 2001</subfield>
    <subfield code="l">0</subfield>
    <subfield code="o">H35 REG 275</subfield>
    <subfield code="p">R01546</subfield>
    <subfield code="r">2026-04-10 16:07:03</subfield>
    <subfield code="w">2026-04-10</subfield>
    <subfield code="y">RN</subfield>
  </datafield>
  <datafield tag="952" ind1=" " ind2=" ">
    <subfield code="0">0</subfield>
    <subfield code="1">0</subfield>
    <subfield code="4">0</subfield>
    <subfield code="7">0</subfield>
    <subfield code="a">BCEJYS</subfield>
    <subfield code="b">BCEJYS</subfield>
    <subfield code="c">17</subfield>
    <subfield code="d">2001-07-01</subfield>
    <subfield code="h">A&#xF1;o 23, N&#xBA; 274 - jul. 2001</subfield>
    <subfield code="l">0</subfield>
    <subfield code="o">H35 REG 274</subfield>
    <subfield code="p">R01380</subfield>
    <subfield code="r">2026-04-10 16:07:03</subfield>
    <subfield code="w">2026-04-10</subfield>
    <subfield code="y">RN</subfield>
  </datafield>
  <datafield tag="952" ind1=" " ind2=" ">
    <subfield code="0">0</subfield>
    <subfield code="1">0</subfield>
    <subfield code="4">0</subfield>
    <subfield code="7">0</subfield>
    <subfield code="a">BCEJYS</subfield>
    <subfield code="b">BCEJYS</subfield>
    <subfield code="c">17</subfield>
    <subfield code="d">2001-06-01</subfield>
    <subfield code="h">A&#xF1;o 23, N&#xBA; 273 - jun. 2001</subfield>
    <subfield code="l">0</subfield>
    <subfield code="o">H35 REG 273</subfield>
    <subfield code="p">R01545</subfield>
    <subfield code="r">2026-04-10 16:07:03</subfield>
    <subfield code="w">2026-04-10</subfield>
    <subfield code="y">RN</subfield>
  </datafield>
  <datafield tag="952" ind1=" " ind2=" ">
    <subfield code="0">0</subfield>
    <subfield code="1">0</subfield>
    <subfield code="4">0</subfield>
    <subfield code="7">0</subfield>
    <subfield code="a">BCEJYS</subfield>
    <subfield code="b">BCEJYS</subfield>
    <subfield code="c">17</subfield>
    <subfield code="d">2001-05-01</subfield>
    <subfield code="h">A&#xF1;o 23, N&#xBA; 272 - may. 2001</subfield>
    <subfield code="l">0</subfield>
    <subfield code="o">H35 REG 272</subfield>
    <subfield code="p">R01379</subfield>
    <subfield code="r">2026-04-10 16:07:03</subfield>
    <subfield code="w">2026-04-10</subfield>
    <subfield code="y">RN</subfield>
  </datafield>
  <datafield tag="952" ind1=" " ind2=" ">
    <subfield code="0">0</subfield>
    <subfield code="1">0</subfield>
    <subfield code="4">0</subfield>
    <subfield code="7">0</subfield>
    <subfield code="a">BCEJYS</subfield>
    <subfield code="b">BCEJYS</subfield>
    <subfield code="c">17</subfield>
    <subfield code="d">2001-04-01</subfield>
    <subfield code="h">A&#xF1;o 23, N&#xBA; 271 - abr. 2001</subfield>
    <subfield code="l">0</subfield>
    <subfield code="o">H35 REG 271</subfield>
    <subfield code="p">R01378</subfield>
    <subfield code="r">2026-04-10 16:07:03</subfield>
    <subfield code="w">2026-04-10</subfield>
    <subfield code="y">RN</subfield>
  </datafield>
  <datafield tag="952" ind1=" " ind2=" ">
    <subfield code="0">0</subfield>
    <subfield code="1">0</subfield>
    <subfield code="4">0</subfield>
    <subfield code="7">0</subfield>
    <subfield code="a">BCEJYS</subfield>
    <subfield code="b">BCEJYS</subfield>
    <subfield code="c">17</subfield>
    <subfield code="d">2001-03-01</subfield>
    <subfield code="h">A&#xF1;o 23, N&#xBA; 270 - mar. 2001</subfield>
    <subfield code="l">0</subfield>
    <subfield code="o">H35 REG 270</subfield>
    <subfield code="p">R01544</subfield>
    <subfield code="r">2026-04-10 16:07:03</subfield>
    <subfield code="w">2026-04-10</subfield>
    <subfield code="y">RN</subfield>
  </datafield>
  <datafield tag="952" ind1=" " ind2=" ">
    <subfield code="0">0</subfield>
    <subfield code="1">0</subfield>
    <subfield code="4">0</subfield>
    <subfield code="7">0</subfield>
    <subfield code="a">BCEJYS</subfield>
    <subfield code="b">BCEJYS</subfield>
    <subfield code="c">17</subfield>
    <subfield code="d">2001-02-01</subfield>
    <subfield code="h">A&#xF1;o 23, N&#xBA; 269 - feb. 2001</subfield>
    <subfield code="l">0</subfield>
    <subfield code="o">H35 REG 269</subfield>
    <subfield code="p">R01377</subfield>
    <subfield code="r">2026-04-10 16:07:03</subfield>
    <subfield code="w">2026-04-10</subfield>
    <subfield code="y">RN</subfield>
  </datafield>
  <datafield tag="952" ind1=" " ind2=" ">
    <subfield code="0">0</subfield>
    <subfield code="1">0</subfield>
    <subfield code="4">0</subfield>
    <subfield code="7">0</subfield>
    <subfield code="a">BCEJYS</subfield>
    <subfield code="b">BCEJYS</subfield>
    <subfield code="c">17</subfield>
    <subfield code="d">2001-01-01</subfield>
    <subfield code="h">A&#xF1;o 23, N&#xBA; 268 - ene. 2001</subfield>
    <subfield code="l">0</subfield>
    <subfield code="o">H35 REG 268</subfield>
    <subfield code="p">R01397</subfield>
    <subfield code="r">2026-04-10 16:07:03</subfield>
    <subfield code="w">2026-04-10</subfield>
    <subfield code="y">RN</subfield>
  </datafield>
  <datafield tag="952" ind1=" " ind2=" ">
    <subfield code="0">0</subfield>
    <subfield code="1">0</subfield>
    <subfield code="4">0</subfield>
    <subfield code="7">0</subfield>
    <subfield code="a">BCEJYS</subfield>
    <subfield code="b">BCEJYS</subfield>
    <subfield code="c">17</subfield>
    <subfield code="d">2000-12-01</subfield>
    <subfield code="h">A&#xF1;o 23, N&#xBA; 267 - dic. 2000</subfield>
    <subfield code="l">0</subfield>
    <subfield code="o">H35 REG 267</subfield>
    <subfield code="p">R01396</subfield>
    <subfield code="r">2026-04-10 16:07:03</subfield>
    <subfield code="w">2026-04-10</subfield>
    <subfield code="y">RN</subfield>
  </datafield>
  <datafield tag="952" ind1=" " ind2=" ">
    <subfield code="0">0</subfield>
    <subfield code="1">0</subfield>
    <subfield code="4">0</subfield>
    <subfield code="7">0</subfield>
    <subfield code="a">BCEJYS</subfield>
    <subfield code="b">BCEJYS</subfield>
    <subfield code="c">17</subfield>
    <subfield code="d">2000-11-01</subfield>
    <subfield code="h">A&#xF1;o 23, N&#xBA; 266 - nov. 2000</subfield>
    <subfield code="l">0</subfield>
    <subfield code="o">H35 REG 266</subfield>
    <subfield code="p">R01395</subfield>
    <subfield code="r">2026-04-10 16:07:03</subfield>
    <subfield code="w">2026-04-10</subfield>
    <subfield code="y">RN</subfield>
  </datafield>
  <datafield tag="952" ind1=" " ind2=" ">
    <subfield code="0">0</subfield>
    <subfield code="1">0</subfield>
    <subfield code="4">0</subfield>
    <subfield code="7">0</subfield>
    <subfield code="a">BCEJYS</subfield>
    <subfield code="b">BCEJYS</subfield>
    <subfield code="c">17</subfield>
    <subfield code="d">2000-11-01</subfield>
    <subfield code="h">A&#xF1;o 23, N&#xBA; 266 - nov. 2000</subfield>
    <subfield code="l">0</subfield>
    <subfield code="o">H35 REG 266 Ej.2</subfield>
    <subfield code="p">R01394</subfield>
    <subfield code="r">2026-04-10 16:07:04</subfield>
    <subfield code="w">2026-04-10</subfield>
    <subfield code="y">RN</subfield>
  </datafield>
  <datafield tag="952" ind1=" " ind2=" ">
    <subfield code="0">0</subfield>
    <subfield code="1">0</subfield>
    <subfield code="4">0</subfield>
    <subfield code="7">0</subfield>
    <subfield code="a">BCEJYS</subfield>
    <subfield code="b">BCEJYS</subfield>
    <subfield code="c">17</subfield>
    <subfield code="d">2000-10-01</subfield>
    <subfield code="h">A&#xF1;o 23, N&#xBA; 265 - oct. 2000</subfield>
    <subfield code="l">0</subfield>
    <subfield code="o">H35 REG 265</subfield>
    <subfield code="p">R01393</subfield>
    <subfield code="r">2026-04-10 16:07:04</subfield>
    <subfield code="w">2026-04-10</subfield>
    <subfield code="y">RN</subfield>
  </datafield>
  <datafield tag="952" ind1=" " ind2=" ">
    <subfield code="0">0</subfield>
    <subfield code="1">0</subfield>
    <subfield code="4">0</subfield>
    <subfield code="7">0</subfield>
    <subfield code="a">BCEJYS</subfield>
    <subfield code="b">BCEJYS</subfield>
    <subfield code="c">17</subfield>
    <subfield code="d">2000-10-01</subfield>
    <subfield code="h">A&#xF1;o 23, N&#xBA; 265 - oct. 2000</subfield>
    <subfield code="l">0</subfield>
    <subfield code="o">H35 REG 265 Ej.2</subfield>
    <subfield code="p">R01398</subfield>
    <subfield code="r">2026-04-10 16:07:04</subfield>
    <subfield code="w">2026-04-10</subfield>
    <subfield code="y">RN</subfield>
  </datafield>
  <datafield tag="952" ind1=" " ind2=" ">
    <subfield code="0">0</subfield>
    <subfield code="1">0</subfield>
    <subfield code="4">0</subfield>
    <subfield code="7">0</subfield>
    <subfield code="a">BCEJYS</subfield>
    <subfield code="b">BCEJYS</subfield>
    <subfield code="c">17</subfield>
    <subfield code="d">2000-09-01</subfield>
    <subfield code="h">A&#xF1;o 22, N&#xBA; 264 - sep. 2000</subfield>
    <subfield code="l">0</subfield>
    <subfield code="o">H35 REG 264</subfield>
    <subfield code="p">R01376</subfield>
    <subfield code="r">2026-04-10 16:07:04</subfield>
    <subfield code="w">2026-04-10</subfield>
    <subfield code="y">RN</subfield>
  </datafield>
  <datafield tag="952" ind1=" " ind2=" ">
    <subfield code="0">0</subfield>
    <subfield code="1">0</subfield>
    <subfield code="4">0</subfield>
    <subfield code="7">0</subfield>
    <subfield code="a">BCEJYS</subfield>
    <subfield code="b">BCEJYS</subfield>
    <subfield code="c">17</subfield>
    <subfield code="d">2000-08-01</subfield>
    <subfield code="h">A&#xF1;o 22, N&#xBA; 263 - ago. 2000</subfield>
    <subfield code="l">0</subfield>
    <subfield code="o">H35 REG 263</subfield>
    <subfield code="p">R01375</subfield>
    <subfield code="r">2026-04-10 16:07:04</subfield>
    <subfield code="w">2026-04-10</subfield>
    <subfield code="y">RN</subfield>
  </datafield>
  <datafield tag="952" ind1=" " ind2=" ">
    <subfield code="0">0</subfield>
    <subfield code="1">0</subfield>
    <subfield code="4">0</subfield>
    <subfield code="7">0</subfield>
    <subfield code="a">BCEJYS</subfield>
    <subfield code="b">BCEJYS</subfield>
    <subfield code="c">17</subfield>
    <subfield code="d">2000-07-01</subfield>
    <subfield code="h">A&#xF1;o 22, N&#xBA; 262 - jul. 2000</subfield>
    <subfield code="l">0</subfield>
    <subfield code="o">H35 REG 262</subfield>
    <subfield code="p">R01362</subfield>
    <subfield code="r">2026-04-10 16:07:04</subfield>
    <subfield code="w">2026-04-10</subfield>
    <subfield code="y">RN</subfield>
  </datafield>
  <datafield tag="952" ind1=" " ind2=" ">
    <subfield code="0">0</subfield>
    <subfield code="1">0</subfield>
    <subfield code="4">0</subfield>
    <subfield code="7">0</subfield>
    <subfield code="a">BCEJYS</subfield>
    <subfield code="b">BCEJYS</subfield>
    <subfield code="c">17</subfield>
    <subfield code="d">2000-06-01</subfield>
    <subfield code="h">A&#xF1;o 22, N&#xBA; 261 - jun. 2000</subfield>
    <subfield code="l">0</subfield>
    <subfield code="o">H35 REG 261</subfield>
    <subfield code="p">R01361</subfield>
    <subfield code="r">2026-04-10 16:07:04</subfield>
    <subfield code="w">2026-04-10</subfield>
    <subfield code="y">RN</subfield>
  </datafield>
  <datafield tag="952" ind1=" " ind2=" ">
    <subfield code="0">0</subfield>
    <subfield code="1">0</subfield>
    <subfield code="4">0</subfield>
    <subfield code="7">0</subfield>
    <subfield code="a">BCEJYS</subfield>
    <subfield code="b">BCEJYS</subfield>
    <subfield code="c">17</subfield>
    <subfield code="d">2000-05-01</subfield>
    <subfield code="h">A&#xF1;o 22, N&#xBA; 260 - may. 2000</subfield>
    <subfield code="l">0</subfield>
    <subfield code="o">H35 REG 260</subfield>
    <subfield code="p">R01360</subfield>
    <subfield code="r">2026-04-10 16:07:04</subfield>
    <subfield code="w">2026-04-10</subfield>
    <subfield code="y">RN</subfield>
  </datafield>
  <datafield tag="952" ind1=" " ind2=" ">
    <subfield code="0">0</subfield>
    <subfield code="1">0</subfield>
    <subfield code="4">0</subfield>
    <subfield code="7">0</subfield>
    <subfield code="a">BCEJYS</subfield>
    <subfield code="b">BCEJYS</subfield>
    <subfield code="c">17</subfield>
    <subfield code="d">2000-04-01</subfield>
    <subfield code="h">A&#xF1;o 22, N&#xBA; 259 - abr. 2000</subfield>
    <subfield code="l">0</subfield>
    <subfield code="o">H35 REG 259</subfield>
    <subfield code="p">R01359</subfield>
    <subfield code="r">2026-04-10 16:07:04</subfield>
    <subfield code="w">2026-04-10</subfield>
    <subfield code="y">RN</subfield>
  </datafield>
  <datafield tag="952" ind1=" " ind2=" ">
    <subfield code="0">0</subfield>
    <subfield code="1">0</subfield>
    <subfield code="4">0</subfield>
    <subfield code="7">0</subfield>
    <subfield code="a">BCEJYS</subfield>
    <subfield code="b">BCEJYS</subfield>
    <subfield code="c">17</subfield>
    <subfield code="d">2000-03-01</subfield>
    <subfield code="h">A&#xF1;o 22, N&#xBA; 258 - mar. 2000</subfield>
    <subfield code="l">0</subfield>
    <subfield code="o">H35 REG 258</subfield>
    <subfield code="p">R01358</subfield>
    <subfield code="r">2026-04-10 16:07:04</subfield>
    <subfield code="w">2026-04-10</subfield>
    <subfield code="y">RN</subfield>
  </datafield>
  <datafield tag="952" ind1=" " ind2=" ">
    <subfield code="0">0</subfield>
    <subfield code="1">0</subfield>
    <subfield code="4">0</subfield>
    <subfield code="7">0</subfield>
    <subfield code="a">BCEJYS</subfield>
    <subfield code="b">BCEJYS</subfield>
    <subfield code="c">17</subfield>
    <subfield code="d">2000-02-01</subfield>
    <subfield code="h">A&#xF1;o 22, N&#xBA; 257 - feb. 2000</subfield>
    <subfield code="l">0</subfield>
    <subfield code="o">H35 REG 257</subfield>
    <subfield code="p">R01357</subfield>
    <subfield code="r">2026-04-10 16:07:04</subfield>
    <subfield code="w">2026-04-10</subfield>
    <subfield code="y">RN</subfield>
  </datafield>
  <datafield tag="952" ind1=" " ind2=" ">
    <subfield code="0">0</subfield>
    <subfield code="1">0</subfield>
    <subfield code="4">0</subfield>
    <subfield code="7">0</subfield>
    <subfield code="a">BCEJYS</subfield>
    <subfield code="b">BCEJYS</subfield>
    <subfield code="c">17</subfield>
    <subfield code="d">2000-01-01</subfield>
    <subfield code="h">A&#xF1;o 22, N&#xBA; 256 - ene. 2000</subfield>
    <subfield code="l">0</subfield>
    <subfield code="o">H35 REG 256</subfield>
    <subfield code="p">R01356</subfield>
    <subfield code="r">2026-04-10 16:07:04</subfield>
    <subfield code="w">2026-04-10</subfield>
    <subfield code="y">RN</subfield>
  </datafield>
  <datafield tag="952" ind1=" " ind2=" ">
    <subfield code="0">0</subfield>
    <subfield code="1">0</subfield>
    <subfield code="4">0</subfield>
    <subfield code="7">0</subfield>
    <subfield code="a">BCEJYS</subfield>
    <subfield code="b">BCEJYS</subfield>
    <subfield code="c">17</subfield>
    <subfield code="d">1999-12-01</subfield>
    <subfield code="h">dic. 1999</subfield>
    <subfield code="l">0</subfield>
    <subfield code="o">H35 REG 1999</subfield>
    <subfield code="p">R01635</subfield>
    <subfield code="r">2026-04-10 16:07:04</subfield>
    <subfield code="w">2026-04-10</subfield>
    <subfield code="y">RN</subfield>
  </datafield>
  <datafield tag="952" ind1=" " ind2=" ">
    <subfield code="0">0</subfield>
    <subfield code="1">0</subfield>
    <subfield code="4">0</subfield>
    <subfield code="7">0</subfield>
    <subfield code="a">BCEJYS</subfield>
    <subfield code="b">BCEJYS</subfield>
    <subfield code="c">17</subfield>
    <subfield code="d">1999-12-01</subfield>
    <subfield code="h">A&#xF1;o 22, N&#xBA; 255 - dic. 1999</subfield>
    <subfield code="l">0</subfield>
    <subfield code="o">H35 REG 255</subfield>
    <subfield code="p">R01391</subfield>
    <subfield code="r">2026-04-10 16:07:04</subfield>
    <subfield code="w">2026-04-10</subfield>
    <subfield code="y">RN</subfield>
  </datafield>
  <datafield tag="952" ind1=" " ind2=" ">
    <subfield code="0">0</subfield>
    <subfield code="1">0</subfield>
    <subfield code="4">0</subfield>
    <subfield code="7">0</subfield>
    <subfield code="a">BCEJYS</subfield>
    <subfield code="b">BCEJYS</subfield>
    <subfield code="c">17</subfield>
    <subfield code="d">1999-11-01</subfield>
    <subfield code="h">A&#xF1;o 22, N&#xBA; 254 - nov. 1999</subfield>
    <subfield code="l">0</subfield>
    <subfield code="o">H35 REG 254</subfield>
    <subfield code="p">R01392</subfield>
    <subfield code="r">2026-04-10 16:07:04</subfield>
    <subfield code="w">2026-04-10</subfield>
    <subfield code="y">RN</subfield>
  </datafield>
  <datafield tag="952" ind1=" " ind2=" ">
    <subfield code="0">0</subfield>
    <subfield code="1">0</subfield>
    <subfield code="4">0</subfield>
    <subfield code="7">0</subfield>
    <subfield code="a">BCEJYS</subfield>
    <subfield code="b">BCEJYS</subfield>
    <subfield code="c">17</subfield>
    <subfield code="d">1999-09-01</subfield>
    <subfield code="h">A&#xF1;o 21, N&#xBA; 252 - set. 1999</subfield>
    <subfield code="l">0</subfield>
    <subfield code="o">H35 REG 252</subfield>
    <subfield code="p">R01390</subfield>
    <subfield code="r">2026-04-10 16:07:04</subfield>
    <subfield code="w">2026-04-10</subfield>
    <subfield code="y">RN</subfield>
  </datafield>
  <datafield tag="952" ind1=" " ind2=" ">
    <subfield code="0">0</subfield>
    <subfield code="1">0</subfield>
    <subfield code="4">0</subfield>
    <subfield code="7">0</subfield>
    <subfield code="a">BCEJYS</subfield>
    <subfield code="b">BCEJYS</subfield>
    <subfield code="c">17</subfield>
    <subfield code="d">1999-08-01</subfield>
    <subfield code="h">A&#xF1;o 21, N&#xBA; 251 - ago. 1999</subfield>
    <subfield code="l">0</subfield>
    <subfield code="o">H35 REG 251</subfield>
    <subfield code="p">R01389</subfield>
    <subfield code="r">2026-04-10 16:07:04</subfield>
    <subfield code="w">2026-04-10</subfield>
    <subfield code="y">RN</subfield>
  </datafield>
  <datafield tag="952" ind1=" " ind2=" ">
    <subfield code="0">0</subfield>
    <subfield code="1">0</subfield>
    <subfield code="4">0</subfield>
    <subfield code="7">0</subfield>
    <subfield code="a">BCEJYS</subfield>
    <subfield code="b">BCEJYS</subfield>
    <subfield code="c">17</subfield>
    <subfield code="d">1999-07-01</subfield>
    <subfield code="h">A&#xF1;o 21, N&#xBA; 250 - jul. 1999</subfield>
    <subfield code="l">0</subfield>
    <subfield code="o">H35 REG 250</subfield>
    <subfield code="p">R01427</subfield>
    <subfield code="r">2026-04-10 16:07:04</subfield>
    <subfield code="w">2026-04-10</subfield>
    <subfield code="y">RN</subfield>
  </datafield>
  <datafield tag="952" ind1=" " ind2=" ">
    <subfield code="0">0</subfield>
    <subfield code="1">0</subfield>
    <subfield code="4">0</subfield>
    <subfield code="7">0</subfield>
    <subfield code="a">BCEJYS</subfield>
    <subfield code="b">BCEJYS</subfield>
    <subfield code="c">17</subfield>
    <subfield code="d">1999-06-01</subfield>
    <subfield code="h">A&#xF1;o 21, N&#xBA; 249 - jun. 1999</subfield>
    <subfield code="l">0</subfield>
    <subfield code="o">H35 REG 249</subfield>
    <subfield code="p">R01426</subfield>
    <subfield code="r">2026-04-10 16:07:04</subfield>
    <subfield code="w">2026-04-10</subfield>
    <subfield code="y">RN</subfield>
  </datafield>
  <datafield tag="952" ind1=" " ind2=" ">
    <subfield code="0">0</subfield>
    <subfield code="1">0</subfield>
    <subfield code="4">0</subfield>
    <subfield code="7">0</subfield>
    <subfield code="a">BCEJYS</subfield>
    <subfield code="b">BCEJYS</subfield>
    <subfield code="c">17</subfield>
    <subfield code="d">1999-05-01</subfield>
    <subfield code="h">A&#xF1;o 21, N&#xBA; 248 - may. 1999</subfield>
    <subfield code="l">0</subfield>
    <subfield code="o">H35 REG 248</subfield>
    <subfield code="p">R01388</subfield>
    <subfield code="r">2026-04-10 16:07:04</subfield>
    <subfield code="w">2026-04-10</subfield>
    <subfield code="y">RN</subfield>
  </datafield>
  <datafield tag="952" ind1=" " ind2=" ">
    <subfield code="0">0</subfield>
    <subfield code="1">0</subfield>
    <subfield code="4">0</subfield>
    <subfield code="7">0</subfield>
    <subfield code="a">BCEJYS</subfield>
    <subfield code="b">BCEJYS</subfield>
    <subfield code="c">17</subfield>
    <subfield code="d">1999-04-01</subfield>
    <subfield code="h">A&#xF1;o 21, N&#xBA; 247 - abr. 1999</subfield>
    <subfield code="l">0</subfield>
    <subfield code="o">H35 REG 247</subfield>
    <subfield code="p">R01425</subfield>
    <subfield code="r">2026-04-10 16:07:04</subfield>
    <subfield code="w">2026-04-10</subfield>
    <subfield code="y">RN</subfield>
  </datafield>
  <datafield tag="952" ind1=" " ind2=" ">
    <subfield code="0">0</subfield>
    <subfield code="1">0</subfield>
    <subfield code="4">0</subfield>
    <subfield code="7">0</subfield>
    <subfield code="a">BCEJYS</subfield>
    <subfield code="b">BCEJYS</subfield>
    <subfield code="c">17</subfield>
    <subfield code="d">1999-03-01</subfield>
    <subfield code="h">A&#xF1;o 21, N&#xBA; 246 - mar. 1999</subfield>
    <subfield code="l">0</subfield>
    <subfield code="o">H35 REG 246</subfield>
    <subfield code="p">R01387</subfield>
    <subfield code="r">2026-04-10 16:07:04</subfield>
    <subfield code="w">2026-04-10</subfield>
    <subfield code="y">RN</subfield>
  </datafield>
  <datafield tag="952" ind1=" " ind2=" ">
    <subfield code="0">0</subfield>
    <subfield code="1">0</subfield>
    <subfield code="4">0</subfield>
    <subfield code="7">0</subfield>
    <subfield code="a">BCEJYS</subfield>
    <subfield code="b">BCEJYS</subfield>
    <subfield code="c">17</subfield>
    <subfield code="d">1999-03-01</subfield>
    <subfield code="h">A&#xF1;o 21, N&#xBA; 246 - mar. 1999</subfield>
    <subfield code="l">0</subfield>
    <subfield code="o">H35 REG 246 Ej.2</subfield>
    <subfield code="p">R01543</subfield>
    <subfield code="r">2026-04-10 16:07:04</subfield>
    <subfield code="w">2026-04-10</subfield>
    <subfield code="y">RN</subfield>
  </datafield>
  <datafield tag="952" ind1=" " ind2=" ">
    <subfield code="0">0</subfield>
    <subfield code="1">0</subfield>
    <subfield code="4">0</subfield>
    <subfield code="7">0</subfield>
    <subfield code="a">BCEJYS</subfield>
    <subfield code="b">BCEJYS</subfield>
    <subfield code="c">17</subfield>
    <subfield code="d">1999-02-01</subfield>
    <subfield code="h">A&#xF1;o 21, N&#xBA; 245 - feb. 1999</subfield>
    <subfield code="l">0</subfield>
    <subfield code="o">H35 REG 245</subfield>
    <subfield code="p">R01386</subfield>
    <subfield code="r">2026-04-10 16:07:04</subfield>
    <subfield code="w">2026-04-10</subfield>
    <subfield code="y">RN</subfield>
  </datafield>
  <datafield tag="952" ind1=" " ind2=" ">
    <subfield code="0">0</subfield>
    <subfield code="1">0</subfield>
    <subfield code="4">0</subfield>
    <subfield code="7">0</subfield>
    <subfield code="a">BCEJYS</subfield>
    <subfield code="b">BCEJYS</subfield>
    <subfield code="c">17</subfield>
    <subfield code="d">1999-01-01</subfield>
    <subfield code="h">A&#xF1;o 21, N&#xBA; 244 - ene. 1999</subfield>
    <subfield code="l">0</subfield>
    <subfield code="o">H35 REG 244</subfield>
    <subfield code="p">R01385</subfield>
    <subfield code="r">2026-04-10 16:07:04</subfield>
    <subfield code="w">2026-04-10</subfield>
    <subfield code="y">RN</subfield>
  </datafield>
  <datafield tag="952" ind1=" " ind2=" ">
    <subfield code="0">0</subfield>
    <subfield code="1">0</subfield>
    <subfield code="4">0</subfield>
    <subfield code="7">0</subfield>
    <subfield code="a">BCEJYS</subfield>
    <subfield code="b">BCEJYS</subfield>
    <subfield code="c">17</subfield>
    <subfield code="d">1998-12-01</subfield>
    <subfield code="h">A&#xF1;o 21, N&#xBA; 243 - dic. 1998</subfield>
    <subfield code="l">0</subfield>
    <subfield code="o">H35 REG 243</subfield>
    <subfield code="p">R01424</subfield>
    <subfield code="r">2026-04-10 16:07:04</subfield>
    <subfield code="w">2026-04-10</subfield>
    <subfield code="y">RN</subfield>
  </datafield>
  <datafield tag="952" ind1=" " ind2=" ">
    <subfield code="0">0</subfield>
    <subfield code="1">0</subfield>
    <subfield code="4">0</subfield>
    <subfield code="7">0</subfield>
    <subfield code="a">BCEJYS</subfield>
    <subfield code="b">BCEJYS</subfield>
    <subfield code="c">17</subfield>
    <subfield code="d">1998-12-01</subfield>
    <subfield code="h">A&#xF1;o 21, N&#xBA; 243 - dic. 1998</subfield>
    <subfield code="l">0</subfield>
    <subfield code="o">H35 REG 243 Ej.2</subfield>
    <subfield code="p">R01382</subfield>
    <subfield code="r">2026-04-10 16:07:04</subfield>
    <subfield code="w">2026-04-10</subfield>
    <subfield code="y">RN</subfield>
  </datafield>
  <datafield tag="952" ind1=" " ind2=" ">
    <subfield code="0">0</subfield>
    <subfield code="1">0</subfield>
    <subfield code="4">0</subfield>
    <subfield code="7">0</subfield>
    <subfield code="a">BCEJYS</subfield>
    <subfield code="b">BCEJYS</subfield>
    <subfield code="c">17</subfield>
    <subfield code="d">1998-11-01</subfield>
    <subfield code="h">A&#xF1;o 21, N&#xBA; 242 - nov. 1998</subfield>
    <subfield code="l">0</subfield>
    <subfield code="o">H35 REG 242</subfield>
    <subfield code="p">R01423</subfield>
    <subfield code="r">2026-04-10 16:07:04</subfield>
    <subfield code="w">2026-04-10</subfield>
    <subfield code="y">RN</subfield>
  </datafield>
  <datafield tag="952" ind1=" " ind2=" ">
    <subfield code="0">0</subfield>
    <subfield code="1">0</subfield>
    <subfield code="4">0</subfield>
    <subfield code="7">0</subfield>
    <subfield code="a">BCEJYS</subfield>
    <subfield code="b">BCEJYS</subfield>
    <subfield code="c">17</subfield>
    <subfield code="d">1998-11-01</subfield>
    <subfield code="h">A&#xF1;o 21, N&#xBA; 242 - nov. 1998</subfield>
    <subfield code="l">0</subfield>
    <subfield code="o">H35 REG 242 Ej.2</subfield>
    <subfield code="p">R01384</subfield>
    <subfield code="r">2026-04-10 16:07:04</subfield>
    <subfield code="w">2026-04-10</subfield>
    <subfield code="y">RN</subfield>
  </datafield>
  <datafield tag="952" ind1=" " ind2=" ">
    <subfield code="0">0</subfield>
    <subfield code="1">0</subfield>
    <subfield code="4">0</subfield>
    <subfield code="7">0</subfield>
    <subfield code="a">BCEJYS</subfield>
    <subfield code="b">BCEJYS</subfield>
    <subfield code="c">17</subfield>
    <subfield code="d">1998-10-01</subfield>
    <subfield code="h">A&#xF1;o 21, N&#xBA; 241 - oct. 1998</subfield>
    <subfield code="l">0</subfield>
    <subfield code="o">H35 REG 241</subfield>
    <subfield code="p">R01422</subfield>
    <subfield code="r">2026-04-10 16:07:04</subfield>
    <subfield code="w">2026-04-10</subfield>
    <subfield code="y">RN</subfield>
  </datafield>
  <datafield tag="952" ind1=" " ind2=" ">
    <subfield code="0">0</subfield>
    <subfield code="1">0</subfield>
    <subfield code="4">0</subfield>
    <subfield code="7">0</subfield>
    <subfield code="a">BCEJYS</subfield>
    <subfield code="b">BCEJYS</subfield>
    <subfield code="c">17</subfield>
    <subfield code="d">1998-05-01</subfield>
    <subfield code="h">A&#xF1;o 20, N&#xBA; 236 - may. 1998</subfield>
    <subfield code="l">0</subfield>
    <subfield code="o">H35 REG 236</subfield>
    <subfield code="p">R01383</subfield>
    <subfield code="r">2026-04-10 16:07:04</subfield>
    <subfield code="w">2026-04-10</subfield>
    <subfield code="y">RN</subfield>
  </datafield>
  <datafield tag="952" ind1=" " ind2=" ">
    <subfield code="0">0</subfield>
    <subfield code="1">0</subfield>
    <subfield code="4">0</subfield>
    <subfield code="7">0</subfield>
    <subfield code="a">BCEJYS</subfield>
    <subfield code="b">BCEJYS</subfield>
    <subfield code="c">17</subfield>
    <subfield code="d">1996-09-01</subfield>
    <subfield code="h">A&#xF1;o 18, N&#xBA; 216 - sep. 1996</subfield>
    <subfield code="l">0</subfield>
    <subfield code="o">H35 REG 216</subfield>
    <subfield code="p">R05063</subfield>
    <subfield code="r">2026-04-10 16:07:04</subfield>
    <subfield code="w">2026-04-10</subfield>
    <subfield code="y">RN</subfield>
  </datafield>
  <datafield tag="952" ind1=" " ind2=" ">
    <subfield code="0">0</subfield>
    <subfield code="1">0</subfield>
    <subfield code="4">0</subfield>
    <subfield code="7">0</subfield>
    <subfield code="a">BCEJYS</subfield>
    <subfield code="b">BCEJYS</subfield>
    <subfield code="c">17</subfield>
    <subfield code="d">1996-08-01</subfield>
    <subfield code="h">A&#xF1;o 18, N&#xBA; 215 - ago. 1996</subfield>
    <subfield code="l">0</subfield>
    <subfield code="o">H35 REG 215</subfield>
    <subfield code="p">R05062</subfield>
    <subfield code="r">2026-04-10 16:07:04</subfield>
    <subfield code="w">2026-04-10</subfield>
    <subfield code="y">RN</subfield>
  </datafield>
  <datafield tag="952" ind1=" " ind2=" ">
    <subfield code="0">0</subfield>
    <subfield code="1">0</subfield>
    <subfield code="4">0</subfield>
    <subfield code="7">0</subfield>
    <subfield code="a">BCEJYS</subfield>
    <subfield code="b">BCEJYS</subfield>
    <subfield code="c">17</subfield>
    <subfield code="d">1996-07-01</subfield>
    <subfield code="h">A&#xF1;o 18, N&#xBA; 214 - jul. 1996</subfield>
    <subfield code="l">0</subfield>
    <subfield code="o">H35 REG 214</subfield>
    <subfield code="p">R05061</subfield>
    <subfield code="r">2026-04-10 16:07:04</subfield>
    <subfield code="w">2026-04-10</subfield>
    <subfield code="y">RN</subfield>
  </datafield>
  <datafield tag="952" ind1=" " ind2=" ">
    <subfield code="0">0</subfield>
    <subfield code="1">0</subfield>
    <subfield code="4">0</subfield>
    <subfield code="7">0</subfield>
    <subfield code="a">BCEJYS</subfield>
    <subfield code="b">BCEJYS</subfield>
    <subfield code="c">17</subfield>
    <subfield code="d">1996-06-01</subfield>
    <subfield code="h">A&#xF1;o 18, N&#xBA; 213 - jun. 1996</subfield>
    <subfield code="l">0</subfield>
    <subfield code="o">H35 REG 213</subfield>
    <subfield code="p">R05060</subfield>
    <subfield code="r">2026-04-10 16:07:04</subfield>
    <subfield code="w">2026-04-10</subfield>
    <subfield code="y">RN</subfield>
  </datafield>
  <datafield tag="952" ind1=" " ind2=" ">
    <subfield code="0">0</subfield>
    <subfield code="1">0</subfield>
    <subfield code="4">0</subfield>
    <subfield code="7">0</subfield>
    <subfield code="a">BCEJYS</subfield>
    <subfield code="b">BCEJYS</subfield>
    <subfield code="c">17</subfield>
    <subfield code="d">1996-05-01</subfield>
    <subfield code="h">A&#xF1;o 18, N&#xBA; 212 - may. 1996</subfield>
    <subfield code="l">0</subfield>
    <subfield code="o">H35 REG 212</subfield>
    <subfield code="p">R05059</subfield>
    <subfield code="r">2026-04-10 16:07:04</subfield>
    <subfield code="w">2026-04-10</subfield>
    <subfield code="y">RN</subfield>
  </datafield>
  <datafield tag="952" ind1=" " ind2=" ">
    <subfield code="0">0</subfield>
    <subfield code="1">0</subfield>
    <subfield code="4">0</subfield>
    <subfield code="7">0</subfield>
    <subfield code="a">BCEJYS</subfield>
    <subfield code="b">BCEJYS</subfield>
    <subfield code="c">17</subfield>
    <subfield code="d">1996-04-01</subfield>
    <subfield code="h">A&#xF1;o 18, N&#xBA; 211 - abr. 1996</subfield>
    <subfield code="l">0</subfield>
    <subfield code="o">H35 REG 211</subfield>
    <subfield code="p">R05058</subfield>
    <subfield code="r">2026-04-10 16:07:04</subfield>
    <subfield code="w">2026-04-10</subfield>
    <subfield code="y">RN</subfield>
  </datafield>
  <datafield tag="952" ind1=" " ind2=" ">
    <subfield code="0">0</subfield>
    <subfield code="1">0</subfield>
    <subfield code="4">0</subfield>
    <subfield code="7">0</subfield>
    <subfield code="a">BCEJYS</subfield>
    <subfield code="b">BCEJYS</subfield>
    <subfield code="c">17</subfield>
    <subfield code="d">1996-03-01</subfield>
    <subfield code="h">A&#xF1;o 18, N&#xBA; 210 - mar. 1996</subfield>
    <subfield code="l">0</subfield>
    <subfield code="o">H35 REG 210</subfield>
    <subfield code="p">R05057</subfield>
    <subfield code="r">2026-04-10 16:07:04</subfield>
    <subfield code="w">2026-04-10</subfield>
    <subfield code="y">RN</subfield>
  </datafield>
  <datafield tag="952" ind1=" " ind2=" ">
    <subfield code="0">0</subfield>
    <subfield code="1">0</subfield>
    <subfield code="4">0</subfield>
    <subfield code="7">0</subfield>
    <subfield code="a">BCEJYS</subfield>
    <subfield code="b">BCEJYS</subfield>
    <subfield code="c">17</subfield>
    <subfield code="d">1996-02-01</subfield>
    <subfield code="h">A&#xF1;o 18, N&#xBA; 209 - feb. 1996</subfield>
    <subfield code="l">0</subfield>
    <subfield code="o">H35 REG 209</subfield>
    <subfield code="p">R05056</subfield>
    <subfield code="r">2026-04-10 16:07:04</subfield>
    <subfield code="w">2026-04-10</subfield>
    <subfield code="y">RN</subfield>
  </datafield>
  <datafield tag="952" ind1=" " ind2=" ">
    <subfield code="0">0</subfield>
    <subfield code="1">0</subfield>
    <subfield code="4">0</subfield>
    <subfield code="7">0</subfield>
    <subfield code="a">BCEJYS</subfield>
    <subfield code="b">BCEJYS</subfield>
    <subfield code="c">17</subfield>
    <subfield code="d">1996-01-01</subfield>
    <subfield code="h">A&#xF1;o 18, N&#xBA; 208 - ene. 1996</subfield>
    <subfield code="l">0</subfield>
    <subfield code="o">H35 REG 208</subfield>
    <subfield code="p">R05055</subfield>
    <subfield code="r">2026-04-10 16:07:04</subfield>
    <subfield code="w">2026-04-10</subfield>
    <subfield code="y">RN</subfield>
  </datafield>
  <datafield tag="952" ind1=" " ind2=" ">
    <subfield code="0">0</subfield>
    <subfield code="1">0</subfield>
    <subfield code="4">0</subfield>
    <subfield code="7">0</subfield>
    <subfield code="a">BCEJYS</subfield>
    <subfield code="b">BCEJYS</subfield>
    <subfield code="c">17</subfield>
    <subfield code="d">1995-12-01</subfield>
    <subfield code="h">A&#xF1;o 18, N&#xBA; 207 - dic. 1995</subfield>
    <subfield code="l">0</subfield>
    <subfield code="o">H35 REG 207</subfield>
    <subfield code="p">R05054</subfield>
    <subfield code="r">2026-04-10 16:07:04</subfield>
    <subfield code="w">2026-04-10</subfield>
    <subfield code="y">RN</subfield>
  </datafield>
  <datafield tag="952" ind1=" " ind2=" ">
    <subfield code="0">0</subfield>
    <subfield code="1">0</subfield>
    <subfield code="4">0</subfield>
    <subfield code="7">0</subfield>
    <subfield code="a">BCEJYS</subfield>
    <subfield code="b">BCEJYS</subfield>
    <subfield code="c">17</subfield>
    <subfield code="d">1995-11-01</subfield>
    <subfield code="h">A&#xF1;o 18, N&#xBA; 206 - nov. 1995</subfield>
    <subfield code="l">0</subfield>
    <subfield code="o">H35 REG 206</subfield>
    <subfield code="p">R05053</subfield>
    <subfield code="r">2026-04-10 16:07:04</subfield>
    <subfield code="w">2026-04-10</subfield>
    <subfield code="y">RN</subfield>
  </datafield>
  <datafield tag="952" ind1=" " ind2=" ">
    <subfield code="0">0</subfield>
    <subfield code="1">0</subfield>
    <subfield code="4">0</subfield>
    <subfield code="7">0</subfield>
    <subfield code="a">BCEJYS</subfield>
    <subfield code="b">BCEJYS</subfield>
    <subfield code="c">17</subfield>
    <subfield code="d">1995-10-01</subfield>
    <subfield code="h">A&#xF1;o 18, N&#xBA; 205 - oct. 1995</subfield>
    <subfield code="l">0</subfield>
    <subfield code="o">H35 REG 205</subfield>
    <subfield code="p">R05052</subfield>
    <subfield code="r">2026-04-10 16:07:04</subfield>
    <subfield code="w">2026-04-10</subfield>
    <subfield code="y">RN</subfield>
  </datafield>
  <datafield tag="952" ind1=" " ind2=" ">
    <subfield code="0">0</subfield>
    <subfield code="1">0</subfield>
    <subfield code="4">0</subfield>
    <subfield code="7">0</subfield>
    <subfield code="a">BCEJYS</subfield>
    <subfield code="b">BCEJYS</subfield>
    <subfield code="c">17</subfield>
    <subfield code="d">1995-09-01</subfield>
    <subfield code="h">A&#xF1;o 17, N&#xBA; 204 - sep. 1995</subfield>
    <subfield code="l">0</subfield>
    <subfield code="o">H35 REG 204</subfield>
    <subfield code="p">R05051</subfield>
    <subfield code="r">2026-04-10 16:07:04</subfield>
    <subfield code="w">2026-04-10</subfield>
    <subfield code="y">RN</subfield>
  </datafield>
  <datafield tag="952" ind1=" " ind2=" ">
    <subfield code="0">0</subfield>
    <subfield code="1">0</subfield>
    <subfield code="4">0</subfield>
    <subfield code="7">0</subfield>
    <subfield code="a">BCEJYS</subfield>
    <subfield code="b">BCEJYS</subfield>
    <subfield code="c">17</subfield>
    <subfield code="d">1995-08-01</subfield>
    <subfield code="h">A&#xF1;o 17, N&#xBA; 203 - ago. 1995</subfield>
    <subfield code="l">0</subfield>
    <subfield code="o">H35 REG 203</subfield>
    <subfield code="p">R05050</subfield>
    <subfield code="r">2026-04-10 16:07:04</subfield>
    <subfield code="w">2026-04-10</subfield>
    <subfield code="y">RN</subfield>
  </datafield>
  <datafield tag="952" ind1=" " ind2=" ">
    <subfield code="0">0</subfield>
    <subfield code="1">0</subfield>
    <subfield code="4">0</subfield>
    <subfield code="7">0</subfield>
    <subfield code="a">BCEJYS</subfield>
    <subfield code="b">BCEJYS</subfield>
    <subfield code="c">17</subfield>
    <subfield code="d">1995-07-01</subfield>
    <subfield code="h">A&#xF1;o 17, N&#xBA; 202 - jul. 1995</subfield>
    <subfield code="l">0</subfield>
    <subfield code="o">H35 REG 202</subfield>
    <subfield code="p">R05049</subfield>
    <subfield code="r">2026-04-10 16:07:04</subfield>
    <subfield code="w">2026-04-10</subfield>
    <subfield code="y">RN</subfield>
  </datafield>
  <datafield tag="952" ind1=" " ind2=" ">
    <subfield code="0">0</subfield>
    <subfield code="1">0</subfield>
    <subfield code="4">0</subfield>
    <subfield code="7">0</subfield>
    <subfield code="a">BCEJYS</subfield>
    <subfield code="b">BCEJYS</subfield>
    <subfield code="c">17</subfield>
    <subfield code="d">1995-06-01</subfield>
    <subfield code="h">A&#xF1;o 17, N&#xBA; 201 - jun. 1995</subfield>
    <subfield code="l">0</subfield>
    <subfield code="o">H35 REG 201</subfield>
    <subfield code="p">R05044</subfield>
    <subfield code="r">2026-04-10 16:07:04</subfield>
    <subfield code="w">2026-04-10</subfield>
    <subfield code="y">RN</subfield>
  </datafield>
  <datafield tag="952" ind1=" " ind2=" ">
    <subfield code="0">0</subfield>
    <subfield code="1">0</subfield>
    <subfield code="4">0</subfield>
    <subfield code="7">0</subfield>
    <subfield code="a">BCEJYS</subfield>
    <subfield code="b">BCEJYS</subfield>
    <subfield code="c">17</subfield>
    <subfield code="d">1995-05-01</subfield>
    <subfield code="h">A&#xF1;o 17, N&#xBA; 200 - may. 1995</subfield>
    <subfield code="l">0</subfield>
    <subfield code="o">H35 REG 200</subfield>
    <subfield code="p">R05048</subfield>
    <subfield code="r">2026-04-10 16:07:04</subfield>
    <subfield code="w">2026-04-10</subfield>
    <subfield code="y">RN</subfield>
  </datafield>
  <datafield tag="952" ind1=" " ind2=" ">
    <subfield code="0">0</subfield>
    <subfield code="1">0</subfield>
    <subfield code="4">0</subfield>
    <subfield code="7">0</subfield>
    <subfield code="a">BCEJYS</subfield>
    <subfield code="b">BCEJYS</subfield>
    <subfield code="c">17</subfield>
    <subfield code="d">1995-04-01</subfield>
    <subfield code="h">A&#xF1;o 17, N&#xBA; 199 - abr. 1995</subfield>
    <subfield code="l">0</subfield>
    <subfield code="o">H35 REG 199</subfield>
    <subfield code="p">R05047</subfield>
    <subfield code="r">2026-04-10 16:07:04</subfield>
    <subfield code="w">2026-04-10</subfield>
    <subfield code="y">RN</subfield>
  </datafield>
  <datafield tag="952" ind1=" " ind2=" ">
    <subfield code="0">0</subfield>
    <subfield code="1">0</subfield>
    <subfield code="4">0</subfield>
    <subfield code="7">0</subfield>
    <subfield code="a">BCEJYS</subfield>
    <subfield code="b">BCEJYS</subfield>
    <subfield code="c">17</subfield>
    <subfield code="d">1995-03-01</subfield>
    <subfield code="h">A&#xF1;o 17, N&#xBA; 198 - mar. 1995</subfield>
    <subfield code="l">0</subfield>
    <subfield code="o">H35 REG 198</subfield>
    <subfield code="p">R05046</subfield>
    <subfield code="r">2026-04-10 16:07:04</subfield>
    <subfield code="w">2026-04-10</subfield>
    <subfield code="y">RN</subfield>
  </datafield>
  <datafield tag="952" ind1=" " ind2=" ">
    <subfield code="0">0</subfield>
    <subfield code="1">0</subfield>
    <subfield code="4">0</subfield>
    <subfield code="7">0</subfield>
    <subfield code="a">BCEJYS</subfield>
    <subfield code="b">BCEJYS</subfield>
    <subfield code="c">17</subfield>
    <subfield code="d">1995-02-01</subfield>
    <subfield code="h">A&#xF1;o 17, N&#xBA; 197 - feb. 1995</subfield>
    <subfield code="l">0</subfield>
    <subfield code="o">H35 REG 197</subfield>
    <subfield code="p">R05045</subfield>
    <subfield code="r">2026-04-10 16:07:04</subfield>
    <subfield code="w">2026-04-10</subfield>
    <subfield code="y">RN</subfield>
  </datafield>
  <datafield tag="952" ind1=" " ind2=" ">
    <subfield code="0">0</subfield>
    <subfield code="1">0</subfield>
    <subfield code="4">0</subfield>
    <subfield code="7">0</subfield>
    <subfield code="a">BCEJYS</subfield>
    <subfield code="b">BCEJYS</subfield>
    <subfield code="c">17</subfield>
    <subfield code="d">1995-01-01</subfield>
    <subfield code="h">A&#xF1;o 17, N&#xBA; 196 - ene. 1995</subfield>
    <subfield code="l">0</subfield>
    <subfield code="o">H35 REG 196</subfield>
    <subfield code="p">R01412</subfield>
    <subfield code="r">2026-04-10 16:07:04</subfield>
    <subfield code="w">2026-04-10</subfield>
    <subfield code="y">RN</subfield>
  </datafield>
  <datafield tag="952" ind1=" " ind2=" ">
    <subfield code="0">0</subfield>
    <subfield code="1">0</subfield>
    <subfield code="4">0</subfield>
    <subfield code="7">0</subfield>
    <subfield code="a">BCEJYS</subfield>
    <subfield code="b">BCEJYS</subfield>
    <subfield code="c">17</subfield>
    <subfield code="d">1995-01-01</subfield>
    <subfield code="h">A&#xF1;o 17, N&#xBA; 196 - ene. 1995</subfield>
    <subfield code="l">0</subfield>
    <subfield code="o">H35 REG 196 Ej.2</subfield>
    <subfield code="p">R05043</subfield>
    <subfield code="r">2026-04-10 16:07:04</subfield>
    <subfield code="w">2026-04-10</subfield>
    <subfield code="y">RN</subfield>
  </datafield>
  <datafield tag="952" ind1=" " ind2=" ">
    <subfield code="0">0</subfield>
    <subfield code="1">0</subfield>
    <subfield code="4">0</subfield>
    <subfield code="7">0</subfield>
    <subfield code="a">BCEJYS</subfield>
    <subfield code="b">BCEJYS</subfield>
    <subfield code="c">17</subfield>
    <subfield code="d">1994-12-01</subfield>
    <subfield code="h">A&#xF1;o 17, N&#xBA; 195 - dic. 1994</subfield>
    <subfield code="l">0</subfield>
    <subfield code="o">H35 REG 195</subfield>
    <subfield code="p">R05042</subfield>
    <subfield code="r">2026-04-10 16:07:04</subfield>
    <subfield code="w">2026-04-10</subfield>
    <subfield code="y">RN</subfield>
  </datafield>
  <datafield tag="952" ind1=" " ind2=" ">
    <subfield code="0">0</subfield>
    <subfield code="1">0</subfield>
    <subfield code="4">0</subfield>
    <subfield code="7">0</subfield>
    <subfield code="a">BCEJYS</subfield>
    <subfield code="b">BCEJYS</subfield>
    <subfield code="c">17</subfield>
    <subfield code="d">1994-11-01</subfield>
    <subfield code="h">A&#xF1;o 17, N&#xBA; 194 - nov. 1994</subfield>
    <subfield code="l">0</subfield>
    <subfield code="o">H35 REG 194</subfield>
    <subfield code="p">R05041</subfield>
    <subfield code="r">2026-04-10 16:07:04</subfield>
    <subfield code="w">2026-04-10</subfield>
    <subfield code="y">RN</subfield>
  </datafield>
  <datafield tag="952" ind1=" " ind2=" ">
    <subfield code="0">0</subfield>
    <subfield code="1">0</subfield>
    <subfield code="4">0</subfield>
    <subfield code="7">0</subfield>
    <subfield code="a">BCEJYS</subfield>
    <subfield code="b">BCEJYS</subfield>
    <subfield code="c">17</subfield>
    <subfield code="d">1994-10-01</subfield>
    <subfield code="h">A&#xF1;o 17, N&#xBA; 193 - oct. 1994</subfield>
    <subfield code="l">0</subfield>
    <subfield code="o">H35 REG 193</subfield>
    <subfield code="p">R05040</subfield>
    <subfield code="r">2026-04-10 16:07:04</subfield>
    <subfield code="w">2026-04-10</subfield>
    <subfield code="y">RN</subfield>
  </datafield>
  <datafield tag="952" ind1=" " ind2=" ">
    <subfield code="0">0</subfield>
    <subfield code="1">0</subfield>
    <subfield code="4">0</subfield>
    <subfield code="7">0</subfield>
    <subfield code="a">BCEJYS</subfield>
    <subfield code="b">BCEJYS</subfield>
    <subfield code="c">17</subfield>
    <subfield code="d">1994-09-01</subfield>
    <subfield code="h">A&#xF1;o 16, N&#xBA; 192 - sep. 1994</subfield>
    <subfield code="l">0</subfield>
    <subfield code="o">H35 REG 192</subfield>
    <subfield code="p">R01421</subfield>
    <subfield code="r">2026-04-10 16:07:04</subfield>
    <subfield code="w">2026-04-10</subfield>
    <subfield code="y">RN</subfield>
  </datafield>
  <datafield tag="952" ind1=" " ind2=" ">
    <subfield code="0">0</subfield>
    <subfield code="1">0</subfield>
    <subfield code="4">0</subfield>
    <subfield code="7">0</subfield>
    <subfield code="a">BCEJYS</subfield>
    <subfield code="b">BCEJYS</subfield>
    <subfield code="c">17</subfield>
    <subfield code="d">1994-09-01</subfield>
    <subfield code="h">A&#xF1;o 16, N&#xBA; 192 - sep. 1994</subfield>
    <subfield code="l">0</subfield>
    <subfield code="o">H35 REG 192 Ej.2</subfield>
    <subfield code="p">R05039</subfield>
    <subfield code="r">2026-04-10 16:07:04</subfield>
    <subfield code="w">2026-04-10</subfield>
    <subfield code="y">RN</subfield>
  </datafield>
  <datafield tag="952" ind1=" " ind2=" ">
    <subfield code="0">0</subfield>
    <subfield code="1">0</subfield>
    <subfield code="4">0</subfield>
    <subfield code="7">0</subfield>
    <subfield code="a">BCEJYS</subfield>
    <subfield code="b">BCEJYS</subfield>
    <subfield code="c">17</subfield>
    <subfield code="d">1994-08-01</subfield>
    <subfield code="h">ago. 1994</subfield>
    <subfield code="l">0</subfield>
    <subfield code="o">H35 REG 1994</subfield>
    <subfield code="p">R01428</subfield>
    <subfield code="r">2026-04-10 16:07:04</subfield>
    <subfield code="w">2026-04-10</subfield>
    <subfield code="y">RN</subfield>
  </datafield>
  <datafield tag="952" ind1=" " ind2=" ">
    <subfield code="0">0</subfield>
    <subfield code="1">0</subfield>
    <subfield code="4">0</subfield>
    <subfield code="7">0</subfield>
    <subfield code="a">BCEJYS</subfield>
    <subfield code="b">BCEJYS</subfield>
    <subfield code="c">17</subfield>
    <subfield code="d">1994-08-01</subfield>
    <subfield code="h">ago. 1994</subfield>
    <subfield code="l">0</subfield>
    <subfield code="o">H35 REG 1994 Ej.2</subfield>
    <subfield code="p">R05038</subfield>
    <subfield code="r">2026-04-10 16:07:04</subfield>
    <subfield code="w">2026-04-10</subfield>
    <subfield code="y">RN</subfield>
  </datafield>
  <datafield tag="952" ind1=" " ind2=" ">
    <subfield code="0">0</subfield>
    <subfield code="1">0</subfield>
    <subfield code="4">0</subfield>
    <subfield code="7">0</subfield>
    <subfield code="a">BCEJYS</subfield>
    <subfield code="b">BCEJYS</subfield>
    <subfield code="c">17</subfield>
    <subfield code="d">1994-08-01</subfield>
    <subfield code="h">A&#xF1;o 16, N&#xBA; 191 - ago. 1994</subfield>
    <subfield code="l">0</subfield>
    <subfield code="o">H35 REG 191</subfield>
    <subfield code="p">R01420</subfield>
    <subfield code="r">2026-04-10 16:07:04</subfield>
    <subfield code="w">2026-04-10</subfield>
    <subfield code="y">RN</subfield>
  </datafield>
  <datafield tag="952" ind1=" " ind2=" ">
    <subfield code="0">0</subfield>
    <subfield code="1">0</subfield>
    <subfield code="4">0</subfield>
    <subfield code="7">0</subfield>
    <subfield code="a">BCEJYS</subfield>
    <subfield code="b">BCEJYS</subfield>
    <subfield code="c">17</subfield>
    <subfield code="d">1994-08-01</subfield>
    <subfield code="h">A&#xF1;o 16, N&#xBA; 191 - ago. 1994</subfield>
    <subfield code="l">0</subfield>
    <subfield code="o">H35 REG 191 Ej.2</subfield>
    <subfield code="p">R05037</subfield>
    <subfield code="r">2026-04-10 16:07:04</subfield>
    <subfield code="w">2026-04-10</subfield>
    <subfield code="y">RN</subfield>
  </datafield>
  <datafield tag="952" ind1=" " ind2=" ">
    <subfield code="0">0</subfield>
    <subfield code="1">0</subfield>
    <subfield code="4">0</subfield>
    <subfield code="7">0</subfield>
    <subfield code="a">BCEJYS</subfield>
    <subfield code="b">BCEJYS</subfield>
    <subfield code="c">17</subfield>
    <subfield code="d">1994-07-01</subfield>
    <subfield code="h">A&#xF1;o 16, N&#xBA; 190 - jul. 1994</subfield>
    <subfield code="l">0</subfield>
    <subfield code="o">H35 REG 190</subfield>
    <subfield code="p">R01419</subfield>
    <subfield code="r">2026-04-10 16:07:04</subfield>
    <subfield code="w">2026-04-10</subfield>
    <subfield code="y">RN</subfield>
  </datafield>
  <datafield tag="952" ind1=" " ind2=" ">
    <subfield code="0">0</subfield>
    <subfield code="1">0</subfield>
    <subfield code="4">0</subfield>
    <subfield code="7">0</subfield>
    <subfield code="a">BCEJYS</subfield>
    <subfield code="b">BCEJYS</subfield>
    <subfield code="c">17</subfield>
    <subfield code="d">1994-07-01</subfield>
    <subfield code="h">A&#xF1;o 16, N&#xBA; 190 - jul. 1994</subfield>
    <subfield code="l">0</subfield>
    <subfield code="o">H35 REG 190 Ej.2</subfield>
    <subfield code="p">R05036</subfield>
    <subfield code="r">2026-04-10 16:07:04</subfield>
    <subfield code="w">2026-04-10</subfield>
    <subfield code="y">RN</subfield>
  </datafield>
  <datafield tag="952" ind1=" " ind2=" ">
    <subfield code="0">0</subfield>
    <subfield code="1">0</subfield>
    <subfield code="4">0</subfield>
    <subfield code="7">0</subfield>
    <subfield code="a">BCEJYS</subfield>
    <subfield code="b">BCEJYS</subfield>
    <subfield code="c">17</subfield>
    <subfield code="d">1994-06-01</subfield>
    <subfield code="h">A&#xF1;o 16, N&#xBA; 189 - jun. 1994</subfield>
    <subfield code="l">0</subfield>
    <subfield code="o">H35 REG 189</subfield>
    <subfield code="p">R01418</subfield>
    <subfield code="r">2026-04-10 16:07:04</subfield>
    <subfield code="w">2026-04-10</subfield>
    <subfield code="y">RN</subfield>
  </datafield>
  <datafield tag="952" ind1=" " ind2=" ">
    <subfield code="0">0</subfield>
    <subfield code="1">0</subfield>
    <subfield code="4">0</subfield>
    <subfield code="7">0</subfield>
    <subfield code="a">BCEJYS</subfield>
    <subfield code="b">BCEJYS</subfield>
    <subfield code="c">17</subfield>
    <subfield code="d">1994-06-01</subfield>
    <subfield code="h">A&#xF1;o 16, N&#xBA; 189 - jun. 1994</subfield>
    <subfield code="l">0</subfield>
    <subfield code="o">H35 REG 189 Ej.2</subfield>
    <subfield code="p">R05035</subfield>
    <subfield code="r">2026-04-10 16:07:04</subfield>
    <subfield code="w">2026-04-10</subfield>
    <subfield code="y">RN</subfield>
  </datafield>
  <datafield tag="952" ind1=" " ind2=" ">
    <subfield code="0">0</subfield>
    <subfield code="1">0</subfield>
    <subfield code="4">0</subfield>
    <subfield code="7">0</subfield>
    <subfield code="a">BCEJYS</subfield>
    <subfield code="b">BCEJYS</subfield>
    <subfield code="c">17</subfield>
    <subfield code="d">1994-05-01</subfield>
    <subfield code="h">A&#xF1;o 16, N&#xBA; 188 - may. 1994</subfield>
    <subfield code="l">0</subfield>
    <subfield code="o">H35 REG 188</subfield>
    <subfield code="p">R01417</subfield>
    <subfield code="r">2026-04-10 16:07:04</subfield>
    <subfield code="w">2026-04-10</subfield>
    <subfield code="y">RN</subfield>
  </datafield>
  <datafield tag="952" ind1=" " ind2=" ">
    <subfield code="0">0</subfield>
    <subfield code="1">0</subfield>
    <subfield code="4">0</subfield>
    <subfield code="7">0</subfield>
    <subfield code="a">BCEJYS</subfield>
    <subfield code="b">BCEJYS</subfield>
    <subfield code="c">17</subfield>
    <subfield code="d">1994-05-01</subfield>
    <subfield code="h">A&#xF1;o 16, N&#xBA; 188 - may. 1994</subfield>
    <subfield code="l">0</subfield>
    <subfield code="o">H35 REG 188 Ej.2</subfield>
    <subfield code="p">R05034</subfield>
    <subfield code="r">2026-04-10 16:07:04</subfield>
    <subfield code="w">2026-04-10</subfield>
    <subfield code="y">RN</subfield>
  </datafield>
  <datafield tag="952" ind1=" " ind2=" ">
    <subfield code="0">0</subfield>
    <subfield code="1">0</subfield>
    <subfield code="4">0</subfield>
    <subfield code="7">0</subfield>
    <subfield code="a">BCEJYS</subfield>
    <subfield code="b">BCEJYS</subfield>
    <subfield code="c">17</subfield>
    <subfield code="d">1994-04-01</subfield>
    <subfield code="h">A&#xF1;o 16, N&#xBA; 187 - abr. 1994</subfield>
    <subfield code="l">0</subfield>
    <subfield code="o">H35 REG 187</subfield>
    <subfield code="p">R01416</subfield>
    <subfield code="r">2026-04-10 16:07:04</subfield>
    <subfield code="w">2026-04-10</subfield>
    <subfield code="y">RN</subfield>
  </datafield>
  <datafield tag="952" ind1=" " ind2=" ">
    <subfield code="0">0</subfield>
    <subfield code="1">0</subfield>
    <subfield code="4">0</subfield>
    <subfield code="7">0</subfield>
    <subfield code="a">BCEJYS</subfield>
    <subfield code="b">BCEJYS</subfield>
    <subfield code="c">17</subfield>
    <subfield code="d">1994-04-01</subfield>
    <subfield code="h">A&#xF1;o 16, N&#xBA; 187 - abr. 1994</subfield>
    <subfield code="l">0</subfield>
    <subfield code="o">H35 REG 187 Ej.2</subfield>
    <subfield code="p">R05033</subfield>
    <subfield code="r">2026-04-10 16:07:04</subfield>
    <subfield code="w">2026-04-10</subfield>
    <subfield code="y">RN</subfield>
  </datafield>
  <datafield tag="952" ind1=" " ind2=" ">
    <subfield code="0">0</subfield>
    <subfield code="1">0</subfield>
    <subfield code="4">0</subfield>
    <subfield code="7">0</subfield>
    <subfield code="a">BCEJYS</subfield>
    <subfield code="b">BCEJYS</subfield>
    <subfield code="c">17</subfield>
    <subfield code="d">1994-03-01</subfield>
    <subfield code="h">A&#xF1;o 16, N&#xBA; 186 - mar. 1994</subfield>
    <subfield code="l">0</subfield>
    <subfield code="o">H35 REG 186</subfield>
    <subfield code="p">R01415</subfield>
    <subfield code="r">2026-04-10 16:07:04</subfield>
    <subfield code="w">2026-04-10</subfield>
    <subfield code="y">RN</subfield>
  </datafield>
  <datafield tag="952" ind1=" " ind2=" ">
    <subfield code="0">0</subfield>
    <subfield code="1">0</subfield>
    <subfield code="4">0</subfield>
    <subfield code="7">0</subfield>
    <subfield code="a">BCEJYS</subfield>
    <subfield code="b">BCEJYS</subfield>
    <subfield code="c">17</subfield>
    <subfield code="d">1994-03-01</subfield>
    <subfield code="h">A&#xF1;o 16, N&#xBA; 186 - mar. 1994</subfield>
    <subfield code="l">0</subfield>
    <subfield code="o">H35 REG 186 Ej.2</subfield>
    <subfield code="p">R05032</subfield>
    <subfield code="r">2026-04-10 16:07:04</subfield>
    <subfield code="w">2026-04-10</subfield>
    <subfield code="y">RN</subfield>
  </datafield>
  <datafield tag="952" ind1=" " ind2=" ">
    <subfield code="0">0</subfield>
    <subfield code="1">0</subfield>
    <subfield code="4">0</subfield>
    <subfield code="7">0</subfield>
    <subfield code="a">BCEJYS</subfield>
    <subfield code="b">BCEJYS</subfield>
    <subfield code="c">17</subfield>
    <subfield code="d">1994-02-01</subfield>
    <subfield code="h">A&#xF1;o 16, N&#xBA; 185 - feb. 1994</subfield>
    <subfield code="l">0</subfield>
    <subfield code="o">H35 REG 185</subfield>
    <subfield code="p">R01414</subfield>
    <subfield code="r">2026-04-10 16:07:04</subfield>
    <subfield code="w">2026-04-10</subfield>
    <subfield code="y">RN</subfield>
  </datafield>
  <datafield tag="952" ind1=" " ind2=" ">
    <subfield code="0">0</subfield>
    <subfield code="1">0</subfield>
    <subfield code="4">0</subfield>
    <subfield code="7">0</subfield>
    <subfield code="a">BCEJYS</subfield>
    <subfield code="b">BCEJYS</subfield>
    <subfield code="c">17</subfield>
    <subfield code="d">1994-02-01</subfield>
    <subfield code="h">A&#xF1;o 16, N&#xBA; 185 - feb. 1994</subfield>
    <subfield code="l">0</subfield>
    <subfield code="o">H35 RE 185 Ej.2</subfield>
    <subfield code="p">R05031</subfield>
    <subfield code="r">2026-04-10 16:07:04</subfield>
    <subfield code="w">2026-04-10</subfield>
    <subfield code="y">RN</subfield>
  </datafield>
  <datafield tag="952" ind1=" " ind2=" ">
    <subfield code="0">0</subfield>
    <subfield code="1">0</subfield>
    <subfield code="4">0</subfield>
    <subfield code="7">0</subfield>
    <subfield code="a">BCEJYS</subfield>
    <subfield code="b">BCEJYS</subfield>
    <subfield code="c">17</subfield>
    <subfield code="d">1994-01-01</subfield>
    <subfield code="h">A&#xF1;o 16, N&#xBA; 184 - ene. 1994</subfield>
    <subfield code="l">0</subfield>
    <subfield code="o">H35 REG 184</subfield>
    <subfield code="p">R01413</subfield>
    <subfield code="r">2026-04-10 16:07:04</subfield>
    <subfield code="w">2026-04-10</subfield>
    <subfield code="y">RN</subfield>
  </datafield>
  <datafield tag="952" ind1=" " ind2=" ">
    <subfield code="0">0</subfield>
    <subfield code="1">0</subfield>
    <subfield code="4">0</subfield>
    <subfield code="7">0</subfield>
    <subfield code="a">BCEJYS</subfield>
    <subfield code="b">BCEJYS</subfield>
    <subfield code="c">17</subfield>
    <subfield code="d">1994-01-01</subfield>
    <subfield code="h">A&#xF1;o 16, N&#xBA; 184 - ene. 1994</subfield>
    <subfield code="l">0</subfield>
    <subfield code="o">H35 REG 184 Ej.2</subfield>
    <subfield code="p">R05030</subfield>
    <subfield code="r">2026-04-10 16:07:04</subfield>
    <subfield code="w">2026-04-10</subfield>
    <subfield code="y">RN</subfield>
  </datafield>
  <datafield tag="952" ind1=" " ind2=" ">
    <subfield code="0">0</subfield>
    <subfield code="1">0</subfield>
    <subfield code="4">0</subfield>
    <subfield code="7">0</subfield>
    <subfield code="a">BCEJYS</subfield>
    <subfield code="b">BCEJYS</subfield>
    <subfield code="c">17</subfield>
    <subfield code="d">1993-12-01</subfield>
    <subfield code="h">A&#xF1;o 16, N&#xBA; 183 - dic. 1993</subfield>
    <subfield code="l">0</subfield>
    <subfield code="o">H35 REG 183</subfield>
    <subfield code="p">R01411</subfield>
    <subfield code="r">2026-04-10 16:07:04</subfield>
    <subfield code="w">2026-04-10</subfield>
    <subfield code="y">RN</subfield>
  </datafield>
  <datafield tag="952" ind1=" " ind2=" ">
    <subfield code="0">0</subfield>
    <subfield code="1">0</subfield>
    <subfield code="4">0</subfield>
    <subfield code="7">0</subfield>
    <subfield code="a">BCEJYS</subfield>
    <subfield code="b">BCEJYS</subfield>
    <subfield code="c">17</subfield>
    <subfield code="d">1993-12-01</subfield>
    <subfield code="h">A&#xF1;o 16, N&#xBA; 183 - dic. 1993</subfield>
    <subfield code="l">0</subfield>
    <subfield code="o">H35 REG 183 Ej.2</subfield>
    <subfield code="p">R05029</subfield>
    <subfield code="r">2026-04-10 16:07:04</subfield>
    <subfield code="w">2026-04-10</subfield>
    <subfield code="y">RN</subfield>
  </datafield>
  <datafield tag="952" ind1=" " ind2=" ">
    <subfield code="0">0</subfield>
    <subfield code="1">0</subfield>
    <subfield code="4">0</subfield>
    <subfield code="7">0</subfield>
    <subfield code="a">BCEJYS</subfield>
    <subfield code="b">BCEJYS</subfield>
    <subfield code="c">17</subfield>
    <subfield code="d">1993-11-01</subfield>
    <subfield code="h">A&#xF1;o 16, N&#xBA; 182 - nov. 1993</subfield>
    <subfield code="l">0</subfield>
    <subfield code="o">H35 REG 182</subfield>
    <subfield code="p">R01409</subfield>
    <subfield code="r">2026-04-10 16:07:04</subfield>
    <subfield code="w">2026-04-10</subfield>
    <subfield code="y">RN</subfield>
  </datafield>
  <datafield tag="952" ind1=" " ind2=" ">
    <subfield code="0">0</subfield>
    <subfield code="1">0</subfield>
    <subfield code="4">0</subfield>
    <subfield code="7">0</subfield>
    <subfield code="a">BCEJYS</subfield>
    <subfield code="b">BCEJYS</subfield>
    <subfield code="c">17</subfield>
    <subfield code="d">1993-11-01</subfield>
    <subfield code="h">A&#xF1;o 16, N&#xBA; 182 - nov. 1993</subfield>
    <subfield code="l">0</subfield>
    <subfield code="o">H35 REG 182 Ej.2</subfield>
    <subfield code="p">R05028</subfield>
    <subfield code="r">2026-04-10 16:07:04</subfield>
    <subfield code="w">2026-04-10</subfield>
    <subfield code="y">RN</subfield>
  </datafield>
  <datafield tag="952" ind1=" " ind2=" ">
    <subfield code="0">0</subfield>
    <subfield code="1">0</subfield>
    <subfield code="4">0</subfield>
    <subfield code="7">0</subfield>
    <subfield code="a">BCEJYS</subfield>
    <subfield code="b">BCEJYS</subfield>
    <subfield code="c">17</subfield>
    <subfield code="d">1993-10-01</subfield>
    <subfield code="h">A&#xF1;o 16, N&#xBA; 181 - oct. 1993</subfield>
    <subfield code="l">0</subfield>
    <subfield code="o">H35 REG 181</subfield>
    <subfield code="p">R01408</subfield>
    <subfield code="r">2026-04-10 16:07:04</subfield>
    <subfield code="w">2026-04-10</subfield>
    <subfield code="y">RN</subfield>
  </datafield>
  <datafield tag="952" ind1=" " ind2=" ">
    <subfield code="0">0</subfield>
    <subfield code="1">0</subfield>
    <subfield code="4">0</subfield>
    <subfield code="7">0</subfield>
    <subfield code="a">BCEJYS</subfield>
    <subfield code="b">BCEJYS</subfield>
    <subfield code="c">17</subfield>
    <subfield code="d">1993-10-01</subfield>
    <subfield code="h">A&#xF1;o 16, N&#xBA; 181 - oct. 1993</subfield>
    <subfield code="l">0</subfield>
    <subfield code="o">H35 REG 181 Ej.2</subfield>
    <subfield code="p">R05027</subfield>
    <subfield code="r">2026-04-10 16:07:04</subfield>
    <subfield code="w">2026-04-10</subfield>
    <subfield code="y">RN</subfield>
  </datafield>
  <datafield tag="952" ind1=" " ind2=" ">
    <subfield code="0">0</subfield>
    <subfield code="1">0</subfield>
    <subfield code="4">0</subfield>
    <subfield code="7">0</subfield>
    <subfield code="a">BCEJYS</subfield>
    <subfield code="b">BCEJYS</subfield>
    <subfield code="c">17</subfield>
    <subfield code="d">1993-09-01</subfield>
    <subfield code="h">A&#xF1;o 15, N&#xBA; 180 - sep. 1993</subfield>
    <subfield code="l">0</subfield>
    <subfield code="o">H35 REG 180</subfield>
    <subfield code="p">R01407</subfield>
    <subfield code="r">2026-04-10 16:07:04</subfield>
    <subfield code="w">2026-04-10</subfield>
    <subfield code="y">RN</subfield>
  </datafield>
  <datafield tag="952" ind1=" " ind2=" ">
    <subfield code="0">0</subfield>
    <subfield code="1">0</subfield>
    <subfield code="4">0</subfield>
    <subfield code="7">0</subfield>
    <subfield code="a">BCEJYS</subfield>
    <subfield code="b">BCEJYS</subfield>
    <subfield code="c">17</subfield>
    <subfield code="d">1993-09-01</subfield>
    <subfield code="h">A&#xF1;o 15, N&#xBA; 180 - sep. 1993</subfield>
    <subfield code="l">0</subfield>
    <subfield code="o">H35 REG 180 Ej.2</subfield>
    <subfield code="p">R05026</subfield>
    <subfield code="r">2026-04-10 16:07:04</subfield>
    <subfield code="w">2026-04-10</subfield>
    <subfield code="y">RN</subfield>
  </datafield>
  <datafield tag="952" ind1=" " ind2=" ">
    <subfield code="0">0</subfield>
    <subfield code="1">0</subfield>
    <subfield code="4">0</subfield>
    <subfield code="7">0</subfield>
    <subfield code="a">BCEJYS</subfield>
    <subfield code="b">BCEJYS</subfield>
    <subfield code="c">17</subfield>
    <subfield code="d">1993-08-01</subfield>
    <subfield code="h">A&#xF1;o 15, N&#xBA; 179 - ago. 1993</subfield>
    <subfield code="l">0</subfield>
    <subfield code="o">H35 REG 179</subfield>
    <subfield code="p">R01405</subfield>
    <subfield code="r">2026-04-10 16:07:04</subfield>
    <subfield code="w">2026-04-10</subfield>
    <subfield code="y">RN</subfield>
  </datafield>
  <datafield tag="952" ind1=" " ind2=" ">
    <subfield code="0">0</subfield>
    <subfield code="1">0</subfield>
    <subfield code="4">0</subfield>
    <subfield code="7">0</subfield>
    <subfield code="a">BCEJYS</subfield>
    <subfield code="b">BCEJYS</subfield>
    <subfield code="c">17</subfield>
    <subfield code="d">1993-08-01</subfield>
    <subfield code="h">A&#xF1;o 15, N&#xBA; 179 - ago. 1993</subfield>
    <subfield code="l">0</subfield>
    <subfield code="o">H35 REG 179 Ej.2</subfield>
    <subfield code="p">R05025</subfield>
    <subfield code="r">2026-04-10 16:07:04</subfield>
    <subfield code="w">2026-04-10</subfield>
    <subfield code="y">RN</subfield>
  </datafield>
  <datafield tag="952" ind1=" " ind2=" ">
    <subfield code="0">0</subfield>
    <subfield code="1">0</subfield>
    <subfield code="4">0</subfield>
    <subfield code="7">0</subfield>
    <subfield code="a">BCEJYS</subfield>
    <subfield code="b">BCEJYS</subfield>
    <subfield code="c">17</subfield>
    <subfield code="d">1993-07-01</subfield>
    <subfield code="h">A&#xF1;o 15, N&#xBA; 178 - jul. 1993</subfield>
    <subfield code="l">0</subfield>
    <subfield code="o">H35 REG 178</subfield>
    <subfield code="p">R01404</subfield>
    <subfield code="r">2026-04-10 16:07:04</subfield>
    <subfield code="w">2026-04-10</subfield>
    <subfield code="y">RN</subfield>
  </datafield>
  <datafield tag="952" ind1=" " ind2=" ">
    <subfield code="0">0</subfield>
    <subfield code="1">0</subfield>
    <subfield code="4">0</subfield>
    <subfield code="7">0</subfield>
    <subfield code="a">BCEJYS</subfield>
    <subfield code="b">BCEJYS</subfield>
    <subfield code="c">17</subfield>
    <subfield code="d">1993-07-01</subfield>
    <subfield code="h">A&#xF1;o 15, N&#xBA; 178 - jul. 1993</subfield>
    <subfield code="l">0</subfield>
    <subfield code="o">H35 REG 178 Ej.2</subfield>
    <subfield code="p">R05024</subfield>
    <subfield code="r">2026-04-10 16:07:04</subfield>
    <subfield code="w">2026-04-10</subfield>
    <subfield code="y">RN</subfield>
  </datafield>
  <datafield tag="952" ind1=" " ind2=" ">
    <subfield code="0">0</subfield>
    <subfield code="1">0</subfield>
    <subfield code="4">0</subfield>
    <subfield code="7">0</subfield>
    <subfield code="a">BCEJYS</subfield>
    <subfield code="b">BCEJYS</subfield>
    <subfield code="c">17</subfield>
    <subfield code="d">1993-06-01</subfield>
    <subfield code="h">A&#xF1;o 15, N&#xBA; 177 - jun. 1993</subfield>
    <subfield code="l">0</subfield>
    <subfield code="o">H35 REG 177</subfield>
    <subfield code="p">R01403</subfield>
    <subfield code="r">2026-04-10 16:07:04</subfield>
    <subfield code="w">2026-04-10</subfield>
    <subfield code="y">RN</subfield>
  </datafield>
  <datafield tag="952" ind1=" " ind2=" ">
    <subfield code="0">0</subfield>
    <subfield code="1">0</subfield>
    <subfield code="4">0</subfield>
    <subfield code="7">0</subfield>
    <subfield code="a">BCEJYS</subfield>
    <subfield code="b">BCEJYS</subfield>
    <subfield code="c">17</subfield>
    <subfield code="d">1993-06-01</subfield>
    <subfield code="h">A&#xF1;o 15, N&#xBA; 177 - jun. 1993</subfield>
    <subfield code="l">0</subfield>
    <subfield code="o">H35 REG 177 Ej.2</subfield>
    <subfield code="p">R05023</subfield>
    <subfield code="r">2026-04-10 16:07:05</subfield>
    <subfield code="w">2026-04-10</subfield>
    <subfield code="y">RN</subfield>
  </datafield>
  <datafield tag="952" ind1=" " ind2=" ">
    <subfield code="0">0</subfield>
    <subfield code="1">0</subfield>
    <subfield code="4">0</subfield>
    <subfield code="7">0</subfield>
    <subfield code="a">BCEJYS</subfield>
    <subfield code="b">BCEJYS</subfield>
    <subfield code="c">17</subfield>
    <subfield code="d">1993-05-01</subfield>
    <subfield code="h">mayo 1993</subfield>
    <subfield code="l">0</subfield>
    <subfield code="o">H35 REG 1993</subfield>
    <subfield code="p">R01410</subfield>
    <subfield code="r">2026-04-10 16:07:05</subfield>
    <subfield code="w">2026-04-10</subfield>
    <subfield code="y">RN</subfield>
  </datafield>
  <datafield tag="952" ind1=" " ind2=" ">
    <subfield code="0">0</subfield>
    <subfield code="1">0</subfield>
    <subfield code="4">0</subfield>
    <subfield code="7">0</subfield>
    <subfield code="a">BCEJYS</subfield>
    <subfield code="b">BCEJYS</subfield>
    <subfield code="c">17</subfield>
    <subfield code="d">1993-05-01</subfield>
    <subfield code="h">mayo 1993</subfield>
    <subfield code="l">0</subfield>
    <subfield code="o">H35 REG 1993 Ej.2</subfield>
    <subfield code="p">R05021</subfield>
    <subfield code="r">2026-04-10 16:07:05</subfield>
    <subfield code="w">2026-04-10</subfield>
    <subfield code="y">RN</subfield>
  </datafield>
  <datafield tag="952" ind1=" " ind2=" ">
    <subfield code="0">0</subfield>
    <subfield code="1">0</subfield>
    <subfield code="4">0</subfield>
    <subfield code="7">0</subfield>
    <subfield code="a">BCEJYS</subfield>
    <subfield code="b">BCEJYS</subfield>
    <subfield code="c">17</subfield>
    <subfield code="d">1993-05-01</subfield>
    <subfield code="h">A&#xF1;o 15, N&#xBA; 176 - mayo 1993</subfield>
    <subfield code="l">0</subfield>
    <subfield code="o">H35 REG 176</subfield>
    <subfield code="p">R01402</subfield>
    <subfield code="r">2026-04-10 16:07:05</subfield>
    <subfield code="w">2026-04-10</subfield>
    <subfield code="y">RN</subfield>
  </datafield>
  <datafield tag="952" ind1=" " ind2=" ">
    <subfield code="0">0</subfield>
    <subfield code="1">0</subfield>
    <subfield code="4">0</subfield>
    <subfield code="7">0</subfield>
    <subfield code="a">BCEJYS</subfield>
    <subfield code="b">BCEJYS</subfield>
    <subfield code="c">17</subfield>
    <subfield code="d">1993-05-01</subfield>
    <subfield code="h">A&#xF1;o 15, N&#xBA; 176 - mayo 1993</subfield>
    <subfield code="l">0</subfield>
    <subfield code="o">H35 REG 176 Ej.2</subfield>
    <subfield code="p">R05022</subfield>
    <subfield code="r">2026-04-10 16:07:05</subfield>
    <subfield code="w">2026-04-10</subfield>
    <subfield code="y">RN</subfield>
  </datafield>
  <datafield tag="952" ind1=" " ind2=" ">
    <subfield code="0">0</subfield>
    <subfield code="1">0</subfield>
    <subfield code="4">0</subfield>
    <subfield code="7">0</subfield>
    <subfield code="a">BCEJYS</subfield>
    <subfield code="b">BCEJYS</subfield>
    <subfield code="c">17</subfield>
    <subfield code="d">1993-04-01</subfield>
    <subfield code="h">A&#xF1;o 15, N&#xBA; 175 - abr. 1993</subfield>
    <subfield code="l">0</subfield>
    <subfield code="o">H35 REG 175</subfield>
    <subfield code="p">R05019</subfield>
    <subfield code="r">2026-04-10 16:07:05</subfield>
    <subfield code="w">2026-04-10</subfield>
    <subfield code="y">RN</subfield>
  </datafield>
  <datafield tag="952" ind1=" " ind2=" ">
    <subfield code="0">0</subfield>
    <subfield code="1">0</subfield>
    <subfield code="4">0</subfield>
    <subfield code="7">0</subfield>
    <subfield code="a">BCEJYS</subfield>
    <subfield code="b">BCEJYS</subfield>
    <subfield code="c">17</subfield>
    <subfield code="d">1993-04-01</subfield>
    <subfield code="h">A&#xF1;o 15, N&#xBA; 175 - abr. 1993</subfield>
    <subfield code="l">0</subfield>
    <subfield code="o">H35 REG 175 Ej.2</subfield>
    <subfield code="p">R05020</subfield>
    <subfield code="r">2026-04-10 16:07:05</subfield>
    <subfield code="w">2026-04-10</subfield>
    <subfield code="y">RN</subfield>
  </datafield>
  <datafield tag="952" ind1=" " ind2=" ">
    <subfield code="0">0</subfield>
    <subfield code="1">0</subfield>
    <subfield code="4">0</subfield>
    <subfield code="7">0</subfield>
    <subfield code="a">BCEJYS</subfield>
    <subfield code="b">BCEJYS</subfield>
    <subfield code="c">17</subfield>
    <subfield code="d">1993-03-01</subfield>
    <subfield code="h">A&#xF1;o 15, N&#xBA; 174 - mar. 1993</subfield>
    <subfield code="l">0</subfield>
    <subfield code="o">H35 REG 174</subfield>
    <subfield code="p">R05017</subfield>
    <subfield code="r">2026-04-10 16:07:05</subfield>
    <subfield code="w">2026-04-10</subfield>
    <subfield code="y">RN</subfield>
  </datafield>
  <datafield tag="952" ind1=" " ind2=" ">
    <subfield code="0">0</subfield>
    <subfield code="1">0</subfield>
    <subfield code="4">0</subfield>
    <subfield code="7">0</subfield>
    <subfield code="a">BCEJYS</subfield>
    <subfield code="b">BCEJYS</subfield>
    <subfield code="c">17</subfield>
    <subfield code="d">1993-03-01</subfield>
    <subfield code="h">A&#xF1;o 15, N&#xBA; 174 - mar. 1993</subfield>
    <subfield code="l">0</subfield>
    <subfield code="o">H35 REG 174 Ej.2</subfield>
    <subfield code="p">R05018</subfield>
    <subfield code="r">2026-04-10 16:07:05</subfield>
    <subfield code="w">2026-04-10</subfield>
    <subfield code="y">RN</subfield>
  </datafield>
  <datafield tag="952" ind1=" " ind2=" ">
    <subfield code="0">0</subfield>
    <subfield code="1">0</subfield>
    <subfield code="4">0</subfield>
    <subfield code="7">0</subfield>
    <subfield code="a">BCEJYS</subfield>
    <subfield code="b">BCEJYS</subfield>
    <subfield code="c">17</subfield>
    <subfield code="d">1993-02-01</subfield>
    <subfield code="h">A&#xF1;o 15, N&#xBA; 173 - feb. 1993</subfield>
    <subfield code="l">0</subfield>
    <subfield code="o">H35 REG 173</subfield>
    <subfield code="p">R05015</subfield>
    <subfield code="r">2026-04-10 16:07:05</subfield>
    <subfield code="w">2026-04-10</subfield>
    <subfield code="y">RN</subfield>
  </datafield>
  <datafield tag="952" ind1=" " ind2=" ">
    <subfield code="0">0</subfield>
    <subfield code="1">0</subfield>
    <subfield code="4">0</subfield>
    <subfield code="7">0</subfield>
    <subfield code="a">BCEJYS</subfield>
    <subfield code="b">BCEJYS</subfield>
    <subfield code="c">17</subfield>
    <subfield code="d">1993-02-01</subfield>
    <subfield code="h">A&#xF1;o 15, N&#xBA; 173 - feb. 1993</subfield>
    <subfield code="l">0</subfield>
    <subfield code="o">H35 REG 173 Ej.2</subfield>
    <subfield code="p">R05016</subfield>
    <subfield code="r">2026-04-10 16:07:05</subfield>
    <subfield code="w">2026-04-10</subfield>
    <subfield code="y">RN</subfield>
  </datafield>
  <datafield tag="952" ind1=" " ind2=" ">
    <subfield code="0">0</subfield>
    <subfield code="1">0</subfield>
    <subfield code="4">0</subfield>
    <subfield code="7">0</subfield>
    <subfield code="a">BCEJYS</subfield>
    <subfield code="b">BCEJYS</subfield>
    <subfield code="c">17</subfield>
    <subfield code="d">1993-01-01</subfield>
    <subfield code="h">A&#xF1;o 15, N&#xBA; 172 - ene. 1993</subfield>
    <subfield code="l">0</subfield>
    <subfield code="o">H35 REG 172</subfield>
    <subfield code="p">R01406</subfield>
    <subfield code="r">2026-04-10 16:07:05</subfield>
    <subfield code="w">2026-04-10</subfield>
    <subfield code="y">RN</subfield>
  </datafield>
  <datafield tag="952" ind1=" " ind2=" ">
    <subfield code="0">0</subfield>
    <subfield code="1">0</subfield>
    <subfield code="4">0</subfield>
    <subfield code="7">0</subfield>
    <subfield code="a">BCEJYS</subfield>
    <subfield code="b">BCEJYS</subfield>
    <subfield code="c">17</subfield>
    <subfield code="d">1993-01-01</subfield>
    <subfield code="h">A&#xF1;o 15, N&#xBA; 172 - ene. 1993</subfield>
    <subfield code="l">0</subfield>
    <subfield code="o">H35 REG 172 Ej.2</subfield>
    <subfield code="p">R05014</subfield>
    <subfield code="r">2026-04-10 16:07:05</subfield>
    <subfield code="w">2026-04-10</subfield>
    <subfield code="y">RN</subfield>
  </datafield>
  <datafield tag="952" ind1=" " ind2=" ">
    <subfield code="0">0</subfield>
    <subfield code="1">0</subfield>
    <subfield code="4">0</subfield>
    <subfield code="7">0</subfield>
    <subfield code="a">BCEJYS</subfield>
    <subfield code="b">BCEJYS</subfield>
    <subfield code="c">17</subfield>
    <subfield code="d">1992-12-01</subfield>
    <subfield code="h">A&#xF1;o 15, N&#xBA; 171 - dic. 1992</subfield>
    <subfield code="l">0</subfield>
    <subfield code="o">H35 REG 171</subfield>
    <subfield code="p">R01401</subfield>
    <subfield code="r">2026-04-10 16:07:05</subfield>
    <subfield code="w">2026-04-10</subfield>
    <subfield code="y">RN</subfield>
  </datafield>
  <datafield tag="952" ind1=" " ind2=" ">
    <subfield code="0">0</subfield>
    <subfield code="1">0</subfield>
    <subfield code="4">0</subfield>
    <subfield code="7">0</subfield>
    <subfield code="a">BCEJYS</subfield>
    <subfield code="b">BCEJYS</subfield>
    <subfield code="c">17</subfield>
    <subfield code="d">1992-12-01</subfield>
    <subfield code="h">A&#xF1;o 15, N&#xBA; 171 - dic. 1992</subfield>
    <subfield code="l">0</subfield>
    <subfield code="o">H35 REG 171 Ej.2</subfield>
    <subfield code="p">R05013</subfield>
    <subfield code="r">2026-04-10 16:07:05</subfield>
    <subfield code="w">2026-04-10</subfield>
    <subfield code="y">RN</subfield>
  </datafield>
  <datafield tag="952" ind1=" " ind2=" ">
    <subfield code="0">0</subfield>
    <subfield code="1">0</subfield>
    <subfield code="4">0</subfield>
    <subfield code="7">0</subfield>
    <subfield code="a">BCEJYS</subfield>
    <subfield code="b">BCEJYS</subfield>
    <subfield code="c">17</subfield>
    <subfield code="d">1992-11-01</subfield>
    <subfield code="h">A&#xF1;o 15, N&#xBA; 170 - nov. 1992</subfield>
    <subfield code="l">0</subfield>
    <subfield code="o">H35 REG 170</subfield>
    <subfield code="p">R01400</subfield>
    <subfield code="r">2026-04-10 16:07:05</subfield>
    <subfield code="w">2026-04-10</subfield>
    <subfield code="y">RN</subfield>
  </datafield>
  <datafield tag="952" ind1=" " ind2=" ">
    <subfield code="0">0</subfield>
    <subfield code="1">0</subfield>
    <subfield code="4">0</subfield>
    <subfield code="7">0</subfield>
    <subfield code="a">BCEJYS</subfield>
    <subfield code="b">BCEJYS</subfield>
    <subfield code="c">17</subfield>
    <subfield code="d">1992-11-01</subfield>
    <subfield code="h">A&#xF1;o 15, N&#xBA; 170 - nov. 1992</subfield>
    <subfield code="l">0</subfield>
    <subfield code="o">H35 REG 170 Ej.2</subfield>
    <subfield code="p">R05012</subfield>
    <subfield code="r">2026-04-10 16:07:05</subfield>
    <subfield code="w">2026-04-10</subfield>
    <subfield code="y">RN</subfield>
  </datafield>
  <datafield tag="952" ind1=" " ind2=" ">
    <subfield code="0">0</subfield>
    <subfield code="1">0</subfield>
    <subfield code="4">0</subfield>
    <subfield code="7">0</subfield>
    <subfield code="a">BCEJYS</subfield>
    <subfield code="b">BCEJYS</subfield>
    <subfield code="c">17</subfield>
    <subfield code="d">1992-10-01</subfield>
    <subfield code="h">A&#xF1;o 15, N&#xBA; 169 - oct. 1992</subfield>
    <subfield code="l">0</subfield>
    <subfield code="o">H35 REG 169</subfield>
    <subfield code="p">R01399</subfield>
    <subfield code="r">2026-04-10 16:07:05</subfield>
    <subfield code="w">2026-04-10</subfield>
    <subfield code="y">RN</subfield>
  </datafield>
  <datafield tag="952" ind1=" " ind2=" ">
    <subfield code="0">0</subfield>
    <subfield code="1">0</subfield>
    <subfield code="4">0</subfield>
    <subfield code="7">0</subfield>
    <subfield code="a">BCEJYS</subfield>
    <subfield code="b">BCEJYS</subfield>
    <subfield code="c">17</subfield>
    <subfield code="d">1992-10-01</subfield>
    <subfield code="h">A&#xF1;o 15, N&#xBA; 169 - oct. 1992</subfield>
    <subfield code="l">0</subfield>
    <subfield code="o">H35 REG 169 Ej.2</subfield>
    <subfield code="p">R05011</subfield>
    <subfield code="r">2026-04-10 16:07:05</subfield>
    <subfield code="w">2026-04-10</subfield>
    <subfield code="y">RN</subfield>
  </datafield>
</record>
